{"text_format":"2","workbook":"xlsx","n_sheets":3,"sheets":["UEM","UBF","CPU"],"not_rendered":{"charts":0,"images":1,"macros":0,"external_links":2,"defined_names":6,"comments":1,"pivot_tables":0},"unopened":[],"bounds":{"document_bytes":16777216,"sheet_cells":100000,"run_cost":"one","rows_first":2000,"rows_last":500,"rows_between":2000,"halvings":0,"cell_chars":16384,"cell_head_chars":4096},"cells_cut":0,"cells_raw":0,"read":"whole","date_system":"1900"}

{"sheet":"UEM","index":0,"n_rows":116,"n_cols":15,"rows_kept":116,"cut":false,"hidden":false,"merged":[[116,0,116,8],[0,0,0,8],[1,0,1,8],[2,0,2,8],[3,0,4,6],[3,7,3,8],[4,7,4,8]]}
["MINISTÉRIO DA INTEGRAÇÃO E DO DESENVOLVIMENTO REGIONAL",{"$nulls":8},"BDI serviç",1.2591000000000001]
["COMPANHIA DE DESENVOLVIMENTO DOS VALES DO SÃO FRANCISCO E DO PARNAÍBA",{"$nulls":8},"BDI fornec.",1.1359999999999999]
["SEDE"]
["PLANILHA ORÇAMENTÁRIA DE ESTIMATIVA GERAL PARA O ESTADO DO TOCANTINS",{"$nulls":6},"Base SINAPI-TO 03/2025       ORSE 02/2025"]
[{"$nulls":7},"Data: Maio/2025 - Não desonerado"]
[]
["Item","Base        ","Código        ","Descrição","Unid.","Quant.","Valor (R$)"]
[{"$nulls":6},"Unit. (sem BDI)","Unit. (com BDI)","Total"]
[]
[1,null,null,"UNIDADE DE EXTRAÇÃO DE MEL",{"$nulls":4},{"$f":"SUM(I12,I15,I21,I28,I34,I36,I40,I43,I48,I54)","v":232225.05666666664}]
[]
["1.1",null,null,"SERVIÇOS PRELIMINARES",{"$nulls":4},{"$f":"SUM(I13:I14)","v":3578.6}]
["1.2","sinapi",105009,{"$f":"[1]CPU!$A$91","v":"LOCAÇÃO DE OBRAS"},"m",{"$f":"(7.89*2+9.6*2)","v":34.979999999999997},{"$f":"J13","v":79.849999999999994},{"$f":"(G13*K$1)","v":100.539135},{"$f":"ROUND(F13*H13,2)","v":3516.86},79.849999999999994]
["1.3","Sinapi",98525,"LIMPEZA MECANIZADA DE CAMADA VEGETAL, VEGETAÇÃO E PEQUENAS ÁRVORES (DIÂMETRO DE TRONCO MENOR QUE 0,20 M), COM TRATOR DE ESTEIRAS.","m²",{"$f":"9.56*7.891","v":75.437960000000004},{"$f":"J14","v":0.65},{"$f":"(G14*K$1)","v":0.81841500000000011},{"$f":"ROUND(F14*H14,2)","v":61.74},0.65]
["1.4",null,null,"MOVIMENTO DE TERRA",{"$nulls":4},{"$f":"SUM(I16:I20)","v":2087.56}]
["1.5","Sinapi",101230,"ESCAVAÇÃO VERTICAL A CÉU ABERTO, EM OBRAS DE INFRAESTRUTURA, INCLUINDO CARGA, DESCARGA E TRANSPORTE, EM SOLO DE 1ª CATEGORIA COM ESCAVADEIRA HIDRÁULICA (CAÇAMBA: 0,8 M³ / 111 HP)","m³",{"$f":"45.5+1.92+4.32+3","v":54.74},{"$f":"J16","v":11.3},{"$f":"(G16*K$1)","v":14.227830000000003},{"$f":"ROUND(F16*H16,2)","v":778.83},11.3]
["1.6","Sinapi",100577,"REGULARIZAÇÃO E COMPACTAÇÃO DE SUBLEITO DE SOLO PREDOMINANTEMENTE ARENOSO.","m²",{"$f":"9.6*7.9*0.6","v":45.503999999999998},{"$f":"J17","v":0.47},{"$f":"(G17*K$1)","v":0.591777},{"$f":"ROUND(F17*H17,2)","v":26.93},0.47]
["1.7","Sinapi",96385,"EXECUÇÃO E COMPACTAÇÃO DE ATERRO COM SOLO PREDOMINANTEMENTE ARGILOSO - EXCLUSIVE SOLO, ESCAVAÇÃO, CARGA E TRANSPORTE","m³",64.400000000000006,12.56,15.814296000000002,{"$f":"ROUND(F18*H18,2)","v":1018.44},12.56]
["1.8","Sinapi",100574,"ESPALHAMENTO DE MATERIAL COM TRATOR DE ESTEIRAS.","m³",19.05,1.38,1.7375579999999999,{"$f":"ROUND(F19*H19,2)","v":33.1},1.38]
["1.9","Sinapi",100973,"CARGA, MANOBRA E DESCARGA DE SOLOS E MATERIAIS GRANULARES EM CAMINHÃO BASCULANTE 6 M³ - CARGA COM PÁ CARREGADEIRA (CAÇAMBA DE 1,7 A 2,8 M³ /128 HP) E DESCARGA LIVRE ","m³",19.05,9.6,12.08736,{"$f":"ROUND(F20*H20,2)","v":230.26},9.6]
["1.10",null,null,"FUNDAÇÕES/ ESTRUTURAS DE CONCRETO ARMADO",{"$nulls":4},{"$f":"SUM(I22:I25)","v":5862.88}]
["1.11","Sinapi",92802,"CORTE E DOBRA DE AÇO CA-50, DIÂMETRO DE 8,0 MM","kg",101.6,{"$f":"J22","v":10.77},{"$f":"(G22*K$1)","v":13.560507000000001},{"$f":"ROUND(F22*H22,2)","v":1377.75},10.77]
["1.12","Sinapi",94965,"CONCRETO FCK = 25MPA, TRAÇO 1:2,3:2,7 (CIMENTO/ AREIA MÉDIA/ BRITA 1) - PREPARO MECÂNICO COM BETONEIRA 400 L. ","m³",{"$f":"2.16+1.8","v":3.96},{"$f":"J23","v":597.92999999999995},{"$f":"(G23*K$1)","v":752.85366299999998},{"$f":"ROUND(F23*H23,2)","v":2981.3},597.92999999999995]
["1.13","Sinapi",103673,"LANÇAMENTO COM USO DE BOMBA, ADENSAMENTO E ACABAMENTO DE CONCRETO EM ESTRUTURAS. AF_02/2022","m³",3.96,41.49,52.240059000000009,{"$f":"ROUND(F24*H24,2)","v":206.87},41.49]
["1.14","Sinapi",97086,"FABRICAÇÃO, MONTAGEM E DESMONTAGEM DE FORMA PARA RADIER, EM MADEIRA SERRADA, 4 UTILIZAÇÕES.","m²",7.8,132.06,166.27674600000003,{"$f":"ROUND(F25*H25,2)","v":1296.96},132.06]
["1.15",null,null,"REVESTIMENTOS",{"$nulls":4},{"$f":"SUM(I27:I27)","v":0}]
["1.16","Sinapi",98555,"IMPERMEABILIZAÇÃO DE SUPERFÍCIE COM ARGAMASSA POLIMÉRICA / MEMBRANA ACRÍLICA, 3 DEMÃOS.","m²",0,{"$f":"(J27)","v":0},{"$f":"(J27*K$1)","v":0},{"$f":"ROUND(F27*H27,2)","v":0}]
["1.17",null,null,"ALVENARIAS, DIVISÓRIAS E FECHAMENTOS",{"$nulls":4},{"$f":"SUM(I29:I33)","v":6904.09}]
["1.18","CPU","CPU010","REVESTIMENTO DE PAREDES EM CHAPAS DE AÇO INOXIDÁVEL AISI 304  - APENAS INSTALAÇÃO","m³",70.540000000000006,null,{"$f":"(G29*K$1)","v":0},{"$f":"ROUND(F29*H29,2)","v":0},{"$f":"CPU!I211","v":46.688000000000002}]
["1.19","ORSE","10280/ORSE","MANTA EM LÃ DE VIDRO","m²",66.278000000000006,{"$f":"J30","v":15.05},{"$f":"(G30*K$1)","v":18.949455000000004},{"$f":"ROUND(F30*H30,2)","v":1255.93},15.05]
["1.20","CPU","CPU009","CHAPA XADREZ EM ALUMINIO PARA PISO e:3mm, INCLUSO REBITE PARA FIXAÇÃO - APENAS MÃO DE OBRA","m³",29.9,null,0,{"$f":"ROUND(F31*H31,2)","v":0},{"$f":"CPU!I198","v":384.67690000000005}]
["1.21","Sinapi",96486,"FORRO EM RÉGUAS DE PVC, LISO, PARA AMBIENTES COMERCIAIS, INCLUSIVE ESTRUTURA BIDIRECIONAL DE FIXAÇÃO","m²",29.93,65.53,82.508823000000007,{"$f":"ROUND(F32*H32,2)","v":2469.4899999999998},65.53]
["1.22","Sinapi",104723,"PAREDE COM SISTEMA EM CHAPAS DE GESSO PARA DRYWALL, USO INTERNO, COM DUAS FACES DUPLAS E ESTRUTURA METÁLICA COM GUIAS DUPLAS PARA PAREDES COM ÁREA LÍQUIDA MENOR QUE 6 M2, COM VÃOS.","m²",12.096,208.71,262.78676100000001,{"$f":"ROUND(F33*H33,2)","v":3178.67},208.71]
["1.23",null,null,"PINTURAS",{"$nulls":4},{"$f":"SUM(I35:I35)","v":8085.96}]
["1.24","Sinapi",100751,"PINTURA COM TINTA EPOXÍDICA DE ACABAMENTO PULVERIZADA SOBRE PERFIL METÁLICO EXECUTADO EM FÁBRICA (02 DEMÃOS).","m²",170.3,{"$f":"J35","v":37.71},{"$f":"(G35*K$1)","v":47.480661000000005},{"$f":"ROUND(F35*H35,2)","v":8085.96},37.71]
["1.25",null,null,"COBERTURAS",{"$nulls":4},{"$f":"SUM(I37:I39)","v":40991.199999999997}]
["1.26","ORSE","13874/ORSE","ESTRUTURA METALICA P/ COBERTURA DE CRECHE PADRÃO 1 DO PADRÃO FNDE, EM LIGTH STEEL FRAME, COM PERFIS UE70 MONTANTES DE TUBO UE70, INCLUSIVE FORNECIMENTO E MONTAGEM. EXCLUSIVE TELHAS","m²",96,{"$f":"J37","v":113.51},{"$f":"(G37*K$1)","v":142.92044100000001},{"$f":"ROUND(F37*H37,2)","v":13720.36},113.51]
["1.27","Sinapi",94216,"TELHAMENTO COM TELHA METÁLICA TERMOACÚSTICA E = 30 MM, COM ATÉ 2 ÁGUAS, INCLUSO IÇAMENTO","m²",96,{"$f":"J38","v":211.54},{"$f":"(G38*K$1)","v":266.35001399999999},{"$f":"ROUND(F38*H38,2)","v":25569.599999999999},211.54]
["1.28","Sinapi",94228,"CALHA EM CHAPA DE AÇO GALVANIZADO NÚMERO 24, DESENVOLVIMENTO DE 50 CM, INCLUSO TRANSPORTE VERTICAL. AF_07/2019","m",{"$f":"16*1.1","v":17.600000000000001},76.77,96.661107000000001,{"$f":"ROUND(F39*H39,2)","v":1701.24},76.77]
["1.29",null,null,"CONSTRUÇÃO CIVIL",{"$nulls":4},{"$f":"SUM(I41:I42)","v":8225.01}]
["1.30","Sinapi",91341,"PORTA EM ALUMÍNIO DE ABRIR TIPO VENEZIANA COM GUARNIÇÃO, FIXAÇÃO COM PARAFUSOS - FORNECIMENTO E INSTALAÇÃO.","m²",5.04,{"$f":"J41","v":705.81},{"$f":"(G41*K$1)","v":888.68537100000003},{"$f":"ROUND(F41*H41,2)","v":4478.97},705.81]
["1.31","Sinapi",100674,"CAIXILHO FIXO DE ALUMÍNIO PARA VIDRO (VIDRO INCLUSO), BATENTE/ REQUADRO DE 4 A 14 CM, SEM\nGUARNIÇÃO/ ALIZAR, FIXAÇÃO COM PARAFUSOS, VEDAÇÃO COM SILICONE, EXCLUSIVE CONTRAMARCO -\nFORNECIMENTO E INSTALAÇÃO. AF_11/2024","m²",3.75,{"$f":"J42","v":793.38},{"$f":"(G42*K$1)","v":998.94475800000009},{"$f":"ROUND(F42*H42,2)","v":3746.04},793.38]
["1.32",null,null,"INSTALAÇÕES PREDIAIS",{"$nulls":4},{"$f":"SUM(I44:I47)","v":14036.69}]
["1.33","CPU","CPU001",{"$f":"[1]CPU!$A$65","v":"EXECUÇÃO DE INSTALAÇÕES HIDROSSANITÁRIAS, EXCLUSIVE EQUIPAMENTOS"},{"$f":"[1]CPU!$I$78","v":"cj"},1,{"$f":"J44","v":2831.2},{"$f":"(G44*K$1)","v":3564.7639199999999},{"$f":"ROUND(F44*H44,2)","v":3564.76},{"$f":"CPU!I44","v":2831.2}]
["1.34","Sinapi",98052,"TANQUE SÉPTICO CIRCULAR, EM CONCRETO PRÉ-MOLDADO, DIÂMETRO INTERNO = 1,10 M, ALTURA INTERNA = 2,50 M, VOLUME ÚTIL: 2138,2 L (PARA 5 CONTRIBUINTES).","UND",1,{"$f":"J45","v":2024.84},{"$f":"(G45*K$1)","v":2549.476044},{"$f":"ROUND(F45*H45,2)","v":2549.48},2024.84]
["1.35","Sinapi",98062,"SUMIDOURO CIRCULAR, EM CONCRETO PRÉ-MOLDADO, DIÂMETRO INTERNO = 1,88 M, ALTURA INTERNA = 2,00 M, ÁREA DE INFILTRAÇÃO: 13,1 M² (PARA 5 CONTRIBUINTES)","UND",1,{"$f":"J46","v":3021.36},3804.1943760000004,{"$f":"ROUND(F46*H46,2)","v":3804.19},3021.36]
["1.36","CPU","CPU002",{"$f":"[1]CPU!$A$78","v":"EXECUÇÃO DE INSTALAÇÕES ELÉTRICAS, EXCLUSIVE EQUIPAMENTOS"},{"$f":"[1]CPU!$I$78","v":"cj"},1,{"$f":"J47","v":3270.8},4118.2642800000003,{"$f":"ROUND(F47*H47,2)","v":4118.26},{"$f":"CPU!I57","v":3270.8}]
["1.37",null,null,"SERVIÇOS DIVERSOS",{"$nulls":4},{"$f":"SUM(I49:I53)","v":27657.350000000002}]
["1.38","CPU","CPU003",{"$f":"[1]CPU!$A$140","v":"CORTE DE CONTAINER PARA ESQUADRIAS"},{"$f":"[1]CPU!$I$140","v":"m²"},16.45,{"$f":"J49","v":174.73525000000001},{"$f":"(G49*K$1)","v":220.00915327500002},{"$f":"ROUND(F49*H49,2)","v":3619.15},{"$f":"CPU!I76","v":174.73525000000001}]
["1.39","CPU","CPU004",{"$f":"[1]CPU!$A$182","v":"MODIFICAÇÕES NO CONTAINER COM CORTE POR ESMERILHADEIRA "},{"$f":"[1]CPU!$I$182","v":"m"},58.26,{"$f":"J50","v":91.34},{"$f":"(G50*K$1)","v":115.00619400000001},6700.26,{"$f":"CPU!I118","v":91.34}]
["1.40","CPU","CPU005",{"$f":"[1]CPU!$A$200","v":"MODIFICAÇÕES NO CONTAINER UNIÃO ATRAVÉS DO PROCESSO DE SOLDAGEM, INCLUSO IÇAMENTO DO CONTAINER"},{"$f":"[1]CPU!$I$200","v":"m"},21.9,376.07226600000001,473.51259012060007,10369.93,{"$f":"CPU!I140","v":376.07226600000001}]
["1.41","CPU","CPU011","GUARDA-CORPO DE AÇO CARBONO, MONTANTES TUBULARES DE 1.1/2\" ESPAÇADOS EM 0,75M, ALTURA APROXIMADA DE 0,90M, PREPARADO COM FUNDO E TINTA EPÓXI NA COR AMARELA","m",{"$f":"0.75*2*3*1.1","v":4.95},500.81645966666667,630.57800436630009,3121.36,{"$f":"CPU!I234","v":500.81645966666667}]
["1.42","CPU","CPU013","FORNECIMENTO E INSTALAÇÃO DE SUPORTE PARA CAIXA D'ÁGUA EM METALON","un",1,3055.0765443999999,3846.64687705404,3846.65,{"$f":"CPU!I274","v":3055.0765443999999}]
["1.43",null,null,"MATERIAIS",{"$nulls":4},{"$f":"SUM(I55:I116)","v":114795.71666666666}]
["1.44","Cotação",null,"CONTAINER DRY BOX 20 PÉS 6,1X2,21X2,6 (COMPXLARGXALTU)","un",2,{"$f":"J55","v":19603.75},{"$f":"G55*$K$2","v":22269.859999999997},{"$f":"ROUND(F55*H55,2)","v":44539.72},{"$f":"CPU!I244","v":19603.75}]
["1.45","Sinapi",89356,"TUBO PVC, SOLDAVEL, DN 25 MM, AGUA FRIA (NBR-5648)","m",12,{"$f":"J56","v":25.43},{"$f":"G56*$K$2","v":28.888479999999998},346.66,25.43]
["1.46","Sinapi",89357,"TUBO PVC, SOLDAVEL, DN 32 MM, AGUA FRIA (NBR-5648)","m",18,34.82,39.555519999999994,712,34.82]
["1.47","Sinapi",9835,"TUBO PVC SERIE NORMAL, DN 40 MM, PARA ESGOTO PREDIAL (NBR 5688)","m",3,6.32,7.1795200000000001,21.54,6.32]
["1.48","Sinapi",9838,"TUBO PVC SERIE NORMAL, DN 50 MM, PARA ESGOTO PREDIAL (NBR 5688) ","m",20,10.45,11.871199999999998,237.42,10.45]
["1.49","Sinapi",9836,"UBO PVC SERIE NORMAL, DN 100 MM, PARA ESGOTO PREDIAL (NBR 5688)\n","m",1,14.48,16.449279999999998,16.45,14.48]
["1.50","Sinapi",89362,"JOELHO 90 GRAUS, PVC, SOLDÁVEL, DN 25MM, INSTALADO EM RAMAL OU SUB-RAMAL DE ÁGUA - FORNECIMENTO E INSTALAÇÃO. AF_06/2022","un",12,10.17,11.553119999999998,138.63999999999999,10.17]
["1.51","Sinapi",89367,"JOELHO 90 GRAUS, PVC, SOLDÁVEL, DN 32MM, INSTALADO EM RAMAL OU SUB-RAMAL DE ÁGUA - FORNECIMENTO E INSTALAÇÃO. AF_06/2022","un",10,13.97,15.869919999999999,{"$f":"ROUND(F62*H62,2)","v":158.69999999999999},13.97]
["1.52","Sinapi",3515,"JOELHO PVC, SOLDAVEL, COM BUCHA DE LATAO, 90 GRAUS, 20 MM X 1/2\", PARA AGUA FRIA","un",2,6.95,7.8951999999999991,{"$f":"ROUND(F63*H63,2)","v":15.79},6.95]
["1.53","Sinapi",7121,"TE PVC, SOLDAVEL, COM BUCHA DE LATAO NA BOLSA CENTRAL, 90 GRAUS, 20 MM X 1/2\", PARA AGUA FRIA PREDIAL","un",2,9.77,11.098719999999998,{"$f":"ROUND(F64*H64,2)","v":22.2},9.77]
["1.54","Sinapi",798,"BUCHA DE REDUCAO PVC ROSCAVEL 3/4\" X 1/2\"","un",2,1.25,1.42,{"$f":"ROUND(F65*H65,2)","v":2.84},1.25]
["1.55","Sinapi",103957,"BUCHA DE REDUÇÃO, CURTA, PVC, SOLDÁVEL, DN 32 X 25 MM, INSTALADO EM PRUMADA DE ÁGUA - FORNECIMENTO E INSTALAÇÃO. AF_06/2022","un",2,5.16,5.8617599999999994,11.72,5.16]
["1.56","Sinapi",3878,"LUVA PVC, ROSCAVEL, 1 1/2\", AGUA FRIA PREDIAL","un",2,12.75,14.483999999999998,28.97,12.75]
["1.57","Sinapi",4177,"NIPLE DE FERRO GALVANIZADO, COM ROSCA BSP, DE 1/2\"","un",2,5.47,6.213919999999999,12.43,5.47]
["1.58","Sinapi",89395,"TE, PVC, SOLDÁVEL, DN 25MM, INSTALADO EM RAMAL OU SUB-RAMAL DE ÁGUA - FORNECIMENTO E INSTALAÇÃO. AF_06/2022","un",3,14.02,15.926719999999998,47.78,14.02]
["1.59","Sinapi",89398,"TE, PVC, SOLDÁVEL, DN 32MM, INSTALADO EM RAMAL OU SUB-RAMAL DE ÁGUA - FORNECIMENTO E INSTALAÇÃO. AF_06/2022","un",3,19.489999999999998,22.140639999999998,66.42,19.489999999999998]
["1.60","Sinapi",97,"ADAPTADOR PVC SOLDAVEL, COM FLANGE E ANEL DE VEDACAO, 32 MM X 1\", PARA CAIXA D'AGUA","un",4,19.77,22.458719999999996,89.83,19.77]
["1.61","Sinapi",11675,"REGISTRO DE ESFERA, PVC, COM VOLANTE, VS, SOLDAVEL, DN 32 MM,","un",4,23.34,26.514239999999997,106.06,23.34]
["1.62","Sinapi",34637,"CAIXA D'AGUA / RESERVATORIO EM POLIETILENO, 500 LITROS, COM TAMPA                                                                                                                                                                                                                                                                                                                                                                                                                                         ","un",1,332.61,377.84495999999996,377.84,332.61]
["1.63","Sinapi",94495,"REGISTRO DE GAVETA BRUTO, LATÃO, ROSCÁVEL, 1\" - FORNECIMENTO E INSTALAÇÃO. AF_08/2021","un",1,66.17,75.169119999999992,75.17,66.17]
["1.64","Sinapi",94496,"REGISTRO DE GAVETA BRUTO, LATÃO, ROSCÁVEL, 1 1/4\" - FORNECIMENTO E INSTALAÇÃO. AF_08/2021","un",2,90.16,102.42175999999999,204.84,90.16]
["1.65","Sinapi",7603,"TORNEIRA DE METAL AMARELO, PARA TANQUE / JARDIM, DE PAREDE, SEM BICO, CANO CURTO, PADRAO POPULAR / USO GERA","un",2,44.65,50.722399999999993,101.44,44.65]
["1.66","Sinapi",94795,"TORNEIRA DE BOIA PARA CAIXA D'ÁGUA, ROSCÁVEL, 1/2\" - FORNECIMENTO E INSTALAÇÃO. AF_08/2021","un",1,35.49,40.31664,40.32,35.49]
["1.67","Sinapi",20080,"ADESIVO PLASTICO PARA PVC, FRASCO COM 175 GR","un",2,22.4,25.446399999999997,{"$f":"ROUND(F78*H78,2)","v":50.89},22.4]
["1.68","Sinapi",3143,"FITA VEDA ROSCA 18MMX25M","un",1,9.1,10.337599999999998,{"$f":"ROUND(F79*H79,2)","v":10.34},9.1]
["1.69","Sinapi",35277,"CAIXA DE GORDURA EM PVC, DIAMETRO MINIMO 300 MM, DIAMETRO DE SAIDA 100 MM CAPACIDADE APROXIMADA 18 LITROS, COM TAMPA E CESTO","un",1,354.57,402.79151999999993,{"$f":"ROUND(F80*H80,2)","v":402.79},354.57]
["1.70","Sinapi",11735,"PROLONGADOR PAR CAIXA DE GORDURA E INSPEÇÃO DN300, PVC","un",1,8.83,10.03088,{"$f":"ROUND(F81*H81,2)","v":10.029999999999999},8.83]
["1.71","Sinapi",89482,"CAIXA SIFONADA, PVC, DN 100 X 100 X 50 MM, FORNECIDA E INSTALADA EM RAMAIS DE ENCAMINHAMENTO DE ÁGUA PLUVIAL. AF_06/2022","un",5,39.630000000000003,45.019680000000001,{"$f":"ROUND(F82*H82,2)","v":225.1},39.630000000000003]
["1.72","Sinapi",94679,"CURVA 90 GRAUS, PVC, SOLDÁVEL, DN 50 MM, INSTALADO EM RESERVAÇÃO DE ÁGUA DE EDIFICAÇÃO QUE POSSUA RESERVATÓRIO DE FIBRA/FIBROCIMENTO   FORNECIMENTO E INSTALAÇÃO. AF_06/2016","un",11,24.36,27.672959999999996,304.39999999999998,24.36]
["1.73","Sinapi",89504,"CURVA 45 GRAUS, PVC, SOLDÁVEL, DN 50MM, INSTALADO EM PRUMADA DE ÁGUA - FORNECIMENTO E INSTALAÇÃO. AF_06/2022","un",3,19.64,22.311039999999998,66.930000000000007,19.64]
["1.74","Sinapi",89724,"JOELHO 90 GRAUS, PVC, SERIE NORMAL, ESGOTO PREDIAL, DN 40 MM, JUNTA SOLDÁVEL, FORNECIDO E INSTALADO EM RAMAL DE DESCARGA OU RAMAL DE ESGOTO SANITÁRIO. AF_08/2022","un",1,10.76,12.223359999999998,12.22,10.76]
["1.75","Sinapi",89731,"JOELHO 90 GRAUS, PVC, SERIE NORMAL, ESGOTO PREDIAL, DN 50 MM, JUNTA ELÁSTICA, FORNECIDO E INSTALADO EM RAMAL DE DESCARGA OU RAMAL DE ESGOTO SANITÁRIO. AF_08/2022","un",8,15.2,17.267199999999999,138.13999999999999,15.2]
["1.76","Sinapi",89563,"JUNÇÃO SIMPLES, PVC, SERIE R, ÁGUA PLUVIAL, DN 50 MM, JUNTA ELÁSTICA, FORNECIDO E INSTALADO EM RAMAL DE ENCAMINHAMENTO. AF_06/2022","un",2,33.549999999999997,38.112799999999993,76.23,33.549999999999997]
["1.77","Sinapi",103995,"LUVA, PVC, SOLDÁVEL, DN 50MM, INSTALADO EM RAMAL DE DISTRIBUIÇÃO DE ÁGUA - FORNECIMENTO E INSTALAÇÃO. AF_06/2022","un",17,15.9,18.0624,307.06,15.9]
["1.78","Sinapi",104345,"JUNÇÃO DE REDUÇÃO INVERTIDA, PVC, SÉRIE NORMAL, ESGOTO PREDIAL, DN 100 X 50 MM, JUNTA ELÁSTICA, FORNECIDO E INSTALADO EM RAMAL DE DESCARGA OU RAMAL DE ESGOTO SANITÁRIO. AF_08/2022","un",2,42.74,48.552639999999997,97.11,42.74]
["1.79","Sinapi",20043,"REDUÇÃO EXCÊNTRICA, PVC, ÁGUA PLUVIAL, DN 100 X 50 MM, LINHA NORMAL","un",2,8.7200000000000006,9.9059200000000001,{"$f":"ROUND(F90*H90,2)","v":19.809999999999999},8.7200000000000006]
["1.80","Sinapi",86883,"SIFÃO DO TIPO FLEXÍVEL EM PVC 1  X 1.1/2  - FORNECIMENTO E INSTALAÇÃO. AF_01/2020","un",1,10.69,12.143839999999999,12.14,10.69]
["1.81","Sinapi",86941,"LAVATÓRIO LOUÇA BRANCA COM COLUNA, 45 X 55CM OU EQUIVALENTE, PADRÃO MÉDIO, INCLUSO SIFÃO TIPO GARRAFA, VÁLVULA E ENGATE FLEXÍVEL DE 40CM EMMETAL CROMADO, COM TORNEIRA CROMADA DE MESA, PADRÃO MÉDIO - FORNECIMENTO E INSTALAÇÃO.","un",1,817.47,928.64591999999993,928.65,817.47]
["1.82","Sinapi",86936,"CUBA DE EMBUTIR DE AÇO INOXIDÁVEL MÉDIA, INCLUSO VÁLVULA TIPO AMERICANA E SIFÃO TIPO GARRAFA EM METAL CROMADO - FORNECIMENTO E INSTALAÇÃO","un",1,464.27,527.41071999999997,527.41,464.27]
["1.83","Cotação",null,"LAVADOR DE BOTAS EM AÇO INOXIDÁVEL AISI 304","un",1,3888.5633333333335,4417.4079466666662,4417.41,{"$f":"O94","v":3888.5633333333335},null,5080,2452.7600000000002,4132.93,{"$f":"AVERAGE(L94:N94)","v":3888.5633333333335}]
["1.84","Sinapi",86906,"TORNEIRA CROMADA DE MESA, 1/2\u0094 OU 3/4\u0094, PARA LAVATÓRIO, PADRÃO POPULAR - FORNECIMENTO E INSTALAÇÃO. AF_01/2020","un",2,86.04,97.741439999999997,195.48,86.04]
["1.85","Sinapi",94768,"ADAPTADOR COM FLANGE E ANEL DE VEDAÇÃO, CPVC, ROSCÁVEL, DN 42 MM, INSTALADO EM RESERVAÇÃO DE ÁGUA DE EDIFICAÇÃO QUE POSSUA RESERVATÓRIO DE FIBRA/FIBROCIMENTO - FORNECIMENTO E INSTALAÇÃO. AF_06/2016","un",1,78.13,88.755679999999984,88.76,78.13]
["1.86","Cotação",null,"PEDALEIRA PARA ACIONAMENTO TORNEIRA, ROSCA 1/2\"","un",2,145.39666666666665,165.17061333333331,{"$f":"O97","v":145.39666666666665},{"$f":"O97","v":145.39666666666665},null,133.4,137.88999999999999,164.9,{"$f":"AVERAGE(L97:N97)","v":145.39666666666665}]
["1.87","Sinapi",91924,"CABO DE COBRE FLEXÍVEL ISOLADO, 1,5 MM², ANTI-CHAMA 450/750 V, PARA CIRCUITOS TERMINAIS - FORNECIMENTO E INSTALAÇÃO. AF_03/2023","m",49,3.22,3.6579199999999998,179.24,3.22]
["1.88","Sinapi",91926,"CABO DE COBRE, RIGIDO, CLASSE 2, ISOLACAO EM PVC/A, ANTICHAMA BWF-B, 1 CONDUTOR, 450/750 V, SECAO NOMINAL 2,5 MM2","m",180,4.6900000000000004,5.3278400000000001,959.01,4.6900000000000004]
["1.89","Sinapi",91952,"INTERRUPTOR SIMPLES (1 MÓDULO), 10A/250V, SEM SUPORTE E SEM PLACA - FORNECIMENTO E INSTALAÇÃO. AF_03/2023","un",4,19.829999999999998,22.526879999999995,90.11,19.829999999999998]
["1.90","Sinapi",91990,"TOMADA ALTA DE EMBUTIR (1 MÓDULO), 2P+T 10 A, SEM SUPORTE E SEM PLACA - FORNECIMENTO E INSTALAÇÃO. AF_03/2023","un",1,36.46,41.418559999999999,41.42,36.46]
["1.91","ORSE","11054/ORSE","CAIXA METÁLICA COM UMA TOMADA 2P+T PARA INSTALAÇÃO APARENTE","un",10,27.17,30.865119999999997,308.64999999999998,27.17]
["1.92","Sinapi",95777,"CONDULETE DE ALUMÍNIO, TIPO B, PARA ELETRODUTO DE AÇO GALVANIZADO DN 20 MM (3/4''), APARENTE - FORNECIMENTO E INSTALAÇÃO. AF_10/2022","un",5,26.93,30.592479999999998,152.96,26.93]
["1.93","Sinapi",101890,"DISJUNTOR MONOPOLAR TIPO NEMA, CORRENTE NOMINAL DE 10 ATÉ 30A - FORNECIMENTO E INSTALAÇÃO. AF_10/2020","un",1,16.97,19.277919999999998,19.28,16.97]
["1.94","Sinapi",101892,"DISJUNTOR MONOPOLAR TIPO NEMA, CORRENTE NOMINAL DE 10 ATÉ 50A - FORNECIMENTO E INSTALAÇÃO. AF_10/2020","un",7,73.27,83.234719999999982,582.64,73.27]
["1.95","ORSE","07943/ORSE","DISJUNTOR BIPOLAR DR 25A - DISPOSITIVO DIFERENCIAL RESIDUAL, TIPO AC, 30MA","un",3,278.5,316.37599999999998,949.13,278.5]
["1.96","Sinapi",93661,"DISJUNTOR BIPOLAR TIPO DIN, CORRENTE NOMINAL DE 16A - FORNECIMENTO E INSTALAÇÃO. AF_10/2020","un",2,59.32,67.387519999999995,134.78,59.32]
["1.97","Sinapi",93665,"DISJUNTOR BIPOLAR TIPO DIN, CORRENTE NOMINAL DE 40A - FORNECIMENTO E INSTALAÇÃO. AF_10/2020","un",1,70.06,79.588160000000002,79.59,70.06]
["1.98","ORSE","4878/ORSE","PONTO DE LUZ EM TETO OU PAREDE, APARENTE SEM ELETRODUTO","un",5,65.23,74.101280000000003,370.51,65.23]
["1.99","ORSE","14448/ORSE","ELETRODUTO DE AÇO GALVANIZADO, CLASSE LEVE, DN 25 MM (1\")","m",50,33.67,38.249119999999998,1912.46,33.67]
["1.100","Sinapi",1879,"CURVA 90° PVC ELETRODUTO ROSCAVEL 3/4\"","un",16,2.83,3.21488,51.44,2.83]
["1.101","Sinapi",39128,"ABRAÇADEIRA GALVANIZADA \"D\" PARA ELETRODUTO 3/4\" COM CUNHA","un",50,2.6,2.9535999999999998,147.68,2.6]
["1.102","Sinapi",101878,"QUADRO DE DISTRIBUIÇÃO DE ENERGIA EM CHAPA DE AÇO GALVANIZADO, DE SOBREPOR, COM BARRAMENTO TRIFÁSICO, PARA 18 DISJUNTORES DIN 100A - FORNECIMENTO E INSTALAÇÃO. AF_10/2020","un",1,492.99,560.03663999999992,560.04,492.99]
["1.103","Sinapi",100954,"TRANSPORTE COM CAMINHÃO CARROCERIA COM GUINDAUTO (MUNCK),  MOMENTO MÁXIMO DE CARGA 11,7 TM, EM VIA INTERNA (DENTRO DO CANTEIRO - UNIDADE: TXKM). AF_07/2020","TXKM",800,9.32,10.58752,{"$f":"ROUND(F114*H114,2)","v":8470.02},9.32]
["1.104","CPU","CPU006","REVESTIMENTO DE PAREDES EM CHAPAS DE AÇO INOXIDÁVEL AISI 304  - APENAS INSTALAÇÃO","m²",70.540000000000006,361.23599999999999,410.36409599999996,{"$f":"ROUND(F115*H115,2)","v":28947.08},{"$f":"CPU!I153","v":361.23599999999999}]
["1.105","CPU","CPU008","CHAPA XADREZ EM ALUMINIO PARA PISO e:3mm, INCLUSO REBITE PARA FIXAÇÃO - APENAS MÃO DE OBRA","m²",29.9,454.23119999999994,516.00664319999987,{"$f":"ROUND(F116*H116,2)","v":15428.6},{"$f":"CPU!I185","v":454.23119999999994}]

{"sheet":"UBF","index":1,"n_rows":104,"n_cols":11,"rows_kept":104,"cut":false,"hidden":false,"merged":[[0,0,0,8],[1,0,1,8],[2,0,2,8],[3,0,4,6],[3,7,3,8],[4,7,4,8],[5,0,5,8],[6,0,7,0],[6,1,7,1],[6,2,7,2],[6,3,7,3],[6,4,7,4],[6,5,7,5],[6,6,6,8],[47,3,47,7],[54,3,54,7],[9,3,9,7],[24,3,24,7],[30,3,30,7],[32,3,32,7],[36,3,36,7],[42,3,42,7],[10,3,10,7],[13,3,13,7],[19,3,19,7]]}
["MINISTÉRIO DA INTEGRAÇÃO E DO DESENVOLVIMENTO REGIONAL",{"$nulls":8},"BDI serviç",1.2591000000000001]
["COMPANHIA DE DESENVOLVIMENTO DOS VALES DO SÃO FRANCISCO E DO PARNAÍBA",{"$nulls":8},"BDI fornec.",1.1359999999999999]
["SEDE"]
["PLANILHA ORÇAMENTÁRIA DE ESTIMATIVA GERAL PARA O ESTADO DO TOCANTINS",{"$nulls":6},"Base SINAPI-TO 03/2025       ORSE 02/2025"]
[{"$nulls":7},"Data: Maio/2025 - Não desonerado"]
[]
["Item","Base        ","Código        ","Descrição","Unid.","Quant.","Valor (R$)"]
[{"$nulls":6},"Unit. (sem BDI)","Unit. (com BDI)","Total"]
[]
[2,null,null,"UNIDADE DE BENEFICIAMENTO DE FRUTOS",{"$nulls":4},{"$f":"SUM(I11,I14,I20+I25,I31,I33,I37,I43,I48,I55)","v":354964.39751119999}]
["2.1",null,null,"SERVIÇOS PRELIMINARES",{"$nulls":4},{"$f":"SUM(I12:I13)","v":5149.72}]
["2.2","sinapi",105009,{"$f":"[1]CPU!$A$91","v":"LOCAÇÃO DE OBRAS"},"m",50,{"$f":"J12","v":79.849999999999994},{"$f":"(G12*K$1)","v":100.539135},{"$f":"ROUND(F12*H12,2)","v":5026.96},79.849999999999994]
["2.3","Sinapi",98525,"LIMPEZA MECANIZADA DE CAMADA VEGETAL, VEGETAÇÃO E PEQUENAS ÁRVORES (DIÂMETRO DE TRONCO MENOR QUE 0,20 M), COM TRATOR DE ESTEIRAS.","m²",150,{"$f":"J13","v":0.65},{"$f":"(G13*K$1)","v":0.81841500000000011},{"$f":"ROUND(F13*H13,2)","v":122.76},0.65]
["2.4",null,null,"MOVIMENTO DE TERRA",{"$nulls":4},{"$f":"SUM(I15:I19)","v":3090.83}]
["2.5","Sinapi",101230,"ESCAVAÇÃO VERTICAL A CÉU ABERTO, EM OBRAS DE INFRAESTRUTURA, INCLUINDO CARGA, DESCARGA E TRANSPORTE, EM SOLO DE 1ª CATEGORIA COM ESCAVADEIRA HIDRÁULICA (CAÇAMBA: 0,8 M³ / 111 HP)","m³",54.76,{"$f":"J15","v":11.3},{"$f":"(G15*K$1)","v":14.227830000000003},{"$f":"ROUND(F15*H15,2)","v":779.12},11.3]
["2.6","Sinapi",100577,"REGULARIZAÇÃO E COMPACTAÇÃO DE SUBLEITO DE SOLO PREDOMINANTEMENTE ARENOSO.","m²",150,{"$f":"J16","v":0.47},{"$f":"(G16*K$1)","v":0.591777},{"$f":"ROUND(F16*H16,2)","v":88.77},0.47]
["2.7","Sinapi",96385,"EXECUÇÃO E COMPACTAÇÃO DE ATERRO COM SOLO PREDOMINANTEMENTE ARGILOSO - EXCLUSIVE SOLO, ESCAVAÇÃO, CARGA E TRANSPORTE","m³",75,12.56,15.814296000000002,{"$f":"ROUND(F17*H17,2)","v":1186.07},12.56]
["2.8","Sinapi",100574,"ESPALHAMENTO DE MATERIAL COM TRATOR DE ESTEIRAS.","m³",75,1.38,1.7375579999999999,{"$f":"ROUND(F18*H18,2)","v":130.32},1.38]
["2.9","Sinapi",100973,"CARGA, MANOBRA E DESCARGA DE SOLOS E MATERIAIS GRANULARES EM CAMINHÃO BASCULANTE 6 M³ - CARGA COM PÁ CARREGADEIRA (CAÇAMBA DE 1,7 A 2,8 M³ /128 HP) E DESCARGA LIVRE ","m³",75,9.6,12.08736,{"$f":"ROUND(F19*H19,2)","v":906.55},9.6]
["2.10",null,null,"FUNDAÇÕES/ ESTRUTURAS DE CONCRETO ARMADO",{"$nulls":4},{"$f":"SUM(I21:I24)","v":16361.297511199999}]
["2.11","Sinapi",92802,"CORTE E DOBRA DE AÇO CA-50, DIÂMETRO DE 8,0 MM","kg",101.6,{"$f":"J21","v":10.77},{"$f":"G21*K$1","v":13.560507000000001},{"$f":"H21*F21","v":1377.7475112},10.77]
["2.12","Sinapi",94965,"CONCRETO FCK = 25MPA, TRAÇO 1:2,3:2,7 (CIMENTO/ AREIA MÉDIA/ BRITA 1) - PREPARO MECÂNICO COM BETONEIRA 400 L. ","m³",17,{"$f":"J22","v":597.92999999999995},{"$f":"G22*K$1","v":752.85366299999998},{"$f":"ROUND(F22*H22,2)","v":12798.51},597.92999999999995]
["2.13","Sinapi","103673","LANÇAMENTO COM USO DE BOMBA, ADENSAMENTO E ACABAMENTO DE CONCRETO EM ESTRUTURAS. AF_02/2022","m³",17,41.49,52.240059000000009,{"$f":"ROUND(F23*H23,2)","v":888.08},41.49]
["2.14","Sinapi",97086,"FABRICAÇÃO, MONTAGEM E DESMONTAGEM DE FORMA PARA RADIER, EM MADEIRA SERRADA, 4 UTILIZAÇÕES.","m²",7.8,132.06,166.27674600000003,{"$f":"ROUND(F24*H24,2)","v":1296.96},132.06]
["2.15",null,null,"ALVENARIAS, DIVISÓRIAS E FECHAMENTOS",{"$nulls":4},{"$f":"SUM(I26:I30)","v":55075.53}]
["2.16","CPU","CPU010","REVESTIMENTO DE PAREDES EM CHAPAS DE AÇO INOXIDÁVEL AISI 304  - APENAS INSTALAÇÃO","m²",160.29,46.688000000000002,{"$f":"(G26*K$1)","v":58.784860800000011},{"$f":"ROUND(F26*H26,2)","v":9422.6299999999992},{"$f":"CPU!I211","v":46.688000000000002}]
["2.17","ORSE","10280/ORSE","MANTA EM LÃ DE VIDRO","m²",134.78,15.05,{"$f":"(G27*K$1)","v":18.949455000000004},{"$f":"ROUND(F27*H27,2)","v":2554.0100000000002},15.05]
["2.18","CPU","CPU009","CHAPA XADREZ EM ALUMINIO PARA PISO e:3mm, INCLUSO REBITE PARA FIXAÇÃO - APENAS INSTALAÇÃO","m²",56.543999999999997,384.67690000000005,484.3466847900001,{"$f":"ROUND(F28*H28,2)","v":27386.9},{"$f":"CPU!I198","v":384.67690000000005}]
["2.19","Sinapi",104723,"PAREDE COM SISTEMA EM CHAPAS DE GESSO PARA DRYWALL, USO INTERNO, COM DUAS FACES DUPLAS E ESTRUTURA METÁLICA COM GUIAS DUPLAS PARA PAREDES COM ÁREA LÍQUIDA MENOR QUE 6 M2, COM VÃOS.","m²",42.8,{"$f":"J29","v":208.71},262.78676100000001,{"$f":"ROUND(F29*H29,2)","v":11247.27},208.71]
["2.20","Sinapi",96486,"FORRO EM RÉGUAS DE PVC, LISO, PARA AMBIENTES COMERCIAIS, INCLUSIVE ESTRUTURA BIDIRECIONAL DE FIXAÇÃO","m²",54.112000000000002,65.53,82.508823000000007,{"$f":"ROUND(F30*H30,2)","v":4464.72},65.53]
["2.21",null,null,"PINTURAS",{"$nulls":4},{"$f":"SUM(I32:I32)","v":12530.15}]
["2.22","Sinapi",100751,"PINTURA COM TINTA EPOXÍDICA DE ACABAMENTO PULVERIZADA SOBRE PERFIL METÁLICO EXECUTADO EM FÁBRICA (02 DEMÃOS).","m²",263.89999999999998,{"$f":"J32","v":37.71},{"$f":"(G32*K$1)","v":47.480661000000005},{"$f":"ROUND(F32*H32,2)","v":12530.15},37.71]
["2.23",null,null,"COBERTURAS",{"$nulls":4},{"$f":"SUM(I34:I36)","v":42020.299999999996}]
["2.24","ORSE","13874/ORSE","ESTRUTURA METALICA P/ COBERTURA DE CRECHE PADRÃO 1 DO PADRÃO FNDE, EM LIGTH STEEL FRAME, COM PERFIS UE70 MONTANTES DE TUBO UE70, INCLUSIVE FORNECIMENTO E MONTAGEM. EXCLUSIVE TELHAS","m²",98.42,{"$f":"J34","v":113.51},{"$f":"(G34*K$1)","v":142.92044100000001},{"$f":"ROUND(F34*H34,2)","v":14066.23},113.51]
["2.25","Sinapi",94216,"TELHAMENTO COM TELHA METÁLICA TERMOACÚSTICA E = 30 MM, COM ATÉ 2 ÁGUAS, INCLUSO IÇAMENTO","m²",98.42,{"$f":"J35","v":211.54},{"$f":"(G35*K$1)","v":266.35001399999999},{"$f":"ROUND(F35*H35,2)","v":26214.17},211.54]
["2.26","Sinapi",94228,"CALHA EM CHAPA DE AÇO GALVANIZADO NÚMERO 24, DESENVOLVIMENTO DE 50 CM, INCLUSO TRANSPORTE VERTICAL. AF_07/2019","m",18,76.77,96.661107000000001,{"$f":"ROUND(F36*H36,2)","v":1739.9},76.77]
["2.27",null,null,"CONSTRUÇÃO CIVIL",{"$nulls":4},{"$f":"SUM(I38:I40)","v":15249.42}]
["2.28","Sinapi",100702,"PORTA DE CORRER DE ALUMÍNIO, COM DUAS FOLHAS PARA VIDRO, INCLUSO VIDRO LISO INCOLOR, FECHADURA E PUXADOR, SEM ALIZAR. ","m²",4.8499999999999996,{"$f":"J38","v":496.47},{"$f":"(G38*K$1)","v":625.10537700000009},{"$f":"ROUND(F38*H38,2)","v":3031.76},496.47]
["2.29","Sinapi",91341,"PORTA EM ALUMÍNIO DE ABRIR TIPO VENEZIANA COM GUARNIÇÃO, FIXAÇÃO COM PARAFUSOS - FORNECIMENTO E INSTALAÇÃO.","m²",3.8,{"$f":"J39","v":705.81},{"$f":"(G39*K$1)","v":888.68537100000003},{"$f":"ROUND(F39*H39,2)","v":3377},705.81]
["2.30","Sinapi",100674,"CAIXILHO FIXO DE ALUMÍNIO PARA VIDRO (VIDRO INCLUSO), BATENTE/ REQUADRO DE 4 A 14 CM, SEM\nGUARNIÇÃO/ ALIZAR, FIXAÇÃO COM PARAFUSOS, VEDAÇÃO COM SILICONE, EXCLUSIVE CONTRAMARCO -\nFORNECIMENTO E INSTALAÇÃO. AF_11/2024","m²",8.85,793.38,998.94475800000009,{"$f":"ROUND(F40*H40,2)","v":8840.66},793.38]
["2.31","CPU","CPU007","REVESTIMENTO CERÂMICO PARA PISO COM PLACAS TIPO ESMALTADA DE DIMENSÕES 45x45cm COM ARGAMASSA AC III","m²",60,96.547666000000007,121.56316626060001,{"$f":"ROUND(F41*H41,2)","v":7293.79},{"$f":"CPU!I173","v":96.547666000000007}]
["2.32","Sinapi",94228,"CALHA EM CHAPA DE AÇO GALVANIZADO NÚMERO 24, DESENVOLVIMENTO DE 50 CM, INCLUSO TRANSPORTE VERTICAL. AF_07/2019","m",24,76.77,96.661107000000001,{"$f":"ROUND(F42*H42,2)","v":2319.87},76.77]
["2.33",null,null,"INSTALAÇÕES PREDIAIS",{"$nulls":4},{"$f":"SUM(I44:I47)","v":14036.69}]
["2.34","CPU","CPU001",{"$f":"[2]CPU!$A$65","v":"EXECUÇÃO DE INSTALAÇÕES HIDROSSANITÁRIAS, EXCLUSIVE EQUIPAMENTOS"},{"$f":"[2]CPU!$I$78","v":"cj"},1,2831.2,{"$f":"(G44*K$1)","v":3564.7639199999999},{"$f":"ROUND(F44*H44,2)","v":3564.76},{"$f":"CPU!I44","v":2831.2}]
["2.35","CPU","CPU002",{"$f":"[2]CPU!$A$78","v":"EXECUÇÃO DE INSTALAÇÕES ELÉTRICAS, EXCLUSIVE EQUIPAMENTOS"},{"$f":"[2]CPU!$I$78","v":"cj"},1,3270.8,{"$f":"(G45*K$1)","v":4118.2642800000003},{"$f":"ROUND(F45*H45,2)","v":4118.26},{"$f":"CPU!I57","v":3270.8}]
["2.36","SINAPI",98052,"TANQUE SÉPTICO CIRCULAR, EM CONCRETO PRÉ-MOLDADO, DIÂMETRO INTERNO = 1,10 M, ALTURA INTERNA = 2,50 M, VOLUME ÚTIL: 2138,2 L (PARA 5 CONTRIBUINTES).","UND",1,{"$f":"J46","v":2024.84},{"$f":"G46*K1","v":2549.476044},{"$f":"ROUND(F46*H46,2)","v":2549.48},2024.84]
["2.37","SINAPI",98062,"SUMIDOURO CIRCULAR, EM CONCRETO PRÉ-MOLDADO, DIÂMETRO INTERNO = 1,88 M, ALTURA INTERNA = 2,00 M, ÁREA DE INFILTRAÇÃO: 13,1 M² (PARA 5 CONTRIBUINTES)","UND",1,3021.36,{"$f":"G47*K1","v":3804.1943760000004},{"$f":"ROUND(F47*H47,2)","v":3804.19},3021.36]
["2.38",null,null,"SERVIÇOS DIVERSOS",{"$nulls":4},{"$f":"SUM(I49:I54)","v":34462.339999999997}]
["2.39","CPU","CPU003",{"$f":"[2]CPU!$A$140","v":"CORTE DE CONTAINER PARA ESQUADRIAS"},{"$f":"[2]CPU!$I$140","v":"m²"},12.65,{"$f":"J49","v":174.73525000000001},{"$f":"G49*K$1","v":220.00915327500002},{"$f":"ROUND(F49*H49,2)","v":2783.12},{"$f":"CPU!I76","v":174.73525000000001}]
["2.40","CPU","CPU004",{"$f":"[2]CPU!$A$182","v":"MODIFICAÇÕES NO CONTAINER COM CORTE POR ESMERILHADEIRA "},{"$f":"[2]CPU!$I$182","v":"m"},57.68,91.34,{"$f":"G50*K$1","v":115.00619400000001},6633.56,{"$f":"CPU!I118","v":91.34}]
["2.41","CPU","CPU005",{"$f":"[2]CPU!$A$200","v":"MODIFICAÇÕES NO CONTAINER UNIÃO ATRAVÉS DO PROCESSO DE SOLDAGEM, INCLUSO IÇAMENTO DO CONTAINER"},{"$f":"[2]CPU!$I$200","v":"m"},40.799999999999997,376.07226600000001,473.51259012060007,19319.310000000001,{"$f":"CPU!I140","v":376.07226600000001}]
["2.42","ORSE","00900/ORSE","ESCADA DE FERRO COM GUARDA-CORPO","m",0.9,601.49,757.33605900000009,681.6,601.49]
["2.43","CPU","CPU011","GUARDA-CORPO DE AÇO CARBONO, MONTANTES TUBULARES DE 1.1/2\" ESPAÇADOS EM 0,75M, ALTURA APROXIMADA DE 0,90M, PREPARADO COM FUNDO E TINTA EPÓXI NA COR AMARELA","m",1.9,500.81645966666667,630.57800436630009,1198.0999999999999,{"$f":"CPU!I234","v":500.81645966666667}]
["2.44","CPU","CPU013","FORNECIMENTO E INSTALAÇÃO DE SUPORTE PARA CAIXA D'ÁGUA EM METALON","un",1,3055.0765443999999,3846.64687705404,3846.65,{"$f":"CPU!I274","v":3055.0765443999999}]
["2.45",null,null,"MATERIAIS",{"$nulls":4},{"$f":"SUM(I56:I104)","v":156988.12}]
["2.46","Cotação",null,"CONTAINER HIGH CUBE 40 PÉS 12,2X2,3X2,9 (COMPXLARGXALTU)","un",2,{"$f":"J56","v":19750},{"$f":"(G56*K$2)","v":22435.999999999996},{"$f":"ROUND(F56*H56,2)","v":44872},{"$f":"CPU!I254","v":19750}]
["2.47","Sinapi",89356,"TUBO PVC, SOLDAVEL, DN 25 MM, AGUA FRIA (NBR-5648)","m",6,{"$f":"J57","v":25.43},{"$f":"(G57*K$2)","v":28.888479999999998},173.33,25.43]
["2.48","Sinapi",89357,"TUBO PVC, SOLDAVEL, DN 32 MM, AGUA FRIA (NBR-5648)","m",18,34.82,39.555519999999994,712,34.82]
["2.49","Sinapi",89448,"TUBO PVC, SOLDAVEL, DN 40 MM, AGUA FRIA (NBR-5648) ","m",3,17.27,19.618719999999996,58.86,17.27]
["2.50","Sinapi",9838,"TUBO PVC SERIE NORMAL, DN 50 MM, PARA ESGOTO PREDIAL (NBR 5688) ","m",30,10.45,11.871199999999998,356.14,10.45]
["2.51","Sinapi",89362,"JOELHO 90 GRAUS, PVC, SOLDÁVEL, DN 25MM, INSTALADO EM RAMAL OU SUB-RAMAL DE ÁGUA - FORNECIMENTO E INSTALAÇÃO. AF_06/2022","un",5,10.17,11.553119999999998,57.77,10.17]
["2.52","Sinapi",89367,"JOELHO 90 GRAUS, PVC, SOLDÁVEL, DN 32MM, INSTALADO EM RAMAL OU SUB-RAMAL DE ÁGUA - FORNECIMENTO E INSTALAÇÃO. AF_06/2022","un",4,13.97,15.869919999999999,63.48,13.97]
["2.53","Sinapi",89497,"JOELHO 90 GRAUS, PVC, SOLDÁVEL, DN 40MM, INSTALADO EM PRUMADA DE ÁGUA - FORNECIMENTO E INSTALAÇÃO. AF_06/2022","un",3,13.87,15.756319999999997,47.27,13.87]
["2.54","Sinapi",3874,"LUVA SOLDAVEL COM BUCHA DE LATÃO DN25X1/2\"","un",5,6.38,7.247679999999999,36.24,6.38]
["2.55","Sinapi",12909,"CAP PVC, SOLDAVEL, DN 50 MM, SERIE NORMAL, PARA ESGOTO PREDIAL","un",3,4.3499999999999996,4.9415999999999993,14.82,4.3499999999999996]
["2.56","Sinapi",7136,"TE DE REDUCAO, PVC, SOLDAVEL, 90 GRAUS, 32 MM X 25 MM, PARA AGUA FRIA PREDIAL","un",5,7.13,8.0996799999999993,40.5,7.13]
["2.57","Sinapi",97,"ADAPTADOR PVC SOLDAVEL, COM FLANGE E ANEL DE VEDACAO, 32 MM X 1\", PARA CAIXA D'ÁGUA","un",1,19.77,22.458719999999996,22.46,19.77]
["2.58","Sinapi",98,"ADAPTADOR PVC SOLDAVEL, COM FLANGE E ANEL DE VEDACAO, 40 MM X 1 1/4\", PARA CAIXA D'ÁGUA","un",1,29.6,33.625599999999999,33.630000000000003,29.6]
["2.59","Sinapi",11871,"CAIXA D'AGUA EM POLIETILENO 500 LITROS, COM TAMPA","un",1,556.23,631.87727999999993,631.88,556.23]
["2.60","Sinapi",94795,"TORNEIRA DE BOIA PARA CAIXA D'ÁGUA, ROSCÁVEL, 1/2\" - FORNECIMENTO E INSTALAÇÃO. AF_08/2021","un",1,35.49,40.31664,40.32,35.49]
["2.61","Sinapi",799,"BUCHA DE REDUCAO PVC, ROSCAVEL, 1\" X 1/2\"","un",1,3.74,4.24864,4.25,3.74]
["2.62","Sinapi",11746,"VALVULA DE ESFERA BRUTA EM BRONZE, BITOLA 1”","un",1,81.319999999999993,92.379519999999985,92.38,81.319999999999993]
["2.63","Sinapi",4177,"NIPLE DE FERRO GALVANIZADO, COM ROSCA BSP, DE 1/2\"","un",1,5.47,6.213919999999999,{"$f":"ROUND(F73*H73,2)","v":6.21},5.47]
["2.64","Sinapi",3855,"LUVA SOLDAVEL COM BUCHA DE LATÃO DN25X1/2\"","un",1,5.51,6.2593599999999991,{"$f":"ROUND(F74*H74,2)","v":6.26},5.51]
["2.65","Sinapi",11674,"REGISTRO ESFERA PVC DN25 SOLDAVEL","un",1,14.7,16.699199999999998,{"$f":"ROUND(F75*H75,2)","v":16.7},14.7]
["2.66","Sinapi",35277,"CAIXA DE GORDURA EM PVC, DIAMETRO MINIMO 300 MM, DIAMETRO DE SAIDA 100 MM CAPACIDADE APROXIMADA 18 LITROS, COM TAMPA E CESTO","un",2,354.57,402.79151999999993,{"$f":"ROUND(F76*H76,2)","v":805.58},354.57]
["2.67","Sinapi",89482,"CAIXA SIFONADA, PVC, DN 100 X 100 X 50 MM, FORNECIDA E INSTALADA EM RAMAIS DE ENCAMINHAMENTO DE ÁGUA PLUVIAL. AF_06/2022","un",5,39.630000000000003,45.019680000000001,225.1,39.630000000000003]
["2.68","Sinapi",89502,"JOELHO 45 GRAUS, PVC, SOLDÁVEL, DN 50MM, INSTALADO EM PRUMADA DE ÁGUA - FORNECIMENTO E INSTALAÇÃO. AF_06/2022","un",4,17.73,20.141279999999998,80.569999999999993,17.73]
["2.69","Sinapi",89501,"JOELHO 90 GRAUS, PVC, SOLDÁVEL, DN 50MM, INSTALADO EM PRUMADA DE ÁGUA - FORNECIMENTO E INSTALAÇÃO. AF_06/2022","un",10,15.08,17.130879999999998,171.31,15.08]
["2.70","Sinapi",103995,"LUVA, PVC, SOLDÁVEL, DN 50MM, INSTALADO EM RAMAL DE DISTRIBUIÇÃO DE ÁGUA - FORNECIMENTO E INSTALAÇÃO. AF_06/2022","un",21,15.9,18.0624,379.31,15.9]
["2.71","Sinapi",89567,"JUNÇÃO SIMPLES, PVC, SERIE R, ÁGUA PLUVIAL, DN 100 X 100 MM, JUNTA ELÁSTICA, FORNECIDO E INSTALADO EM RAMAL DE ENCAMINHAMENTO. AF_06/2022","un",6,77.34,87.858239999999995,527.15,77.34]
["2.72","Sinapi",12909,"CAP PVC, SOLDAVEL, DN 50 MM, SERIE NORMAL, PARA ESGOTO","un",1,4.3499999999999996,4.9415999999999993,4.9400000000000004,4.3499999999999996]
["2.73","Sinapi",34628,"DISJUNTOR TIPO DIN/IEC, BIPOLAR 63 A","un",1,72.59,82.462239999999994,82.46,72.59]
["2.74","Sinapi",34616,"DISJUNTOR TIPO DIN/IEC, BIPOLAR DE 6 ATE 32A","un",6,51.47,58.469919999999995,350.82,51.47]
["2.75","ORSE","07943/ORSE","DISJUNTOR BIPOLAR DR 25A - DISPOSITIVO DIFERENCIAL RESIDUAL, TIPO AC, 30MA","un",3,278.5,{"$f":"(G85*$K$2)","v":316.37599999999998},949.13,278.5]
["2.76","Sinapi",39805,"QUADRO DE DISTRIBUICAO, EM PVC, DE EMBUTIR, COM BARRAMENTO TERRA / NEUTRO, PARA 12 DISJUNTORES NEMA OU 16 DISJUNTORES DIN","un",1,4.3499999999999996,4.9415999999999993,4.9400000000000004,4.3499999999999996]
["2.77","Sinapi",1014,"CABO DE COBRE, FLEXIVEL, CLASSE 4 OU 5, ISOLACAO EM PVC/A, ANTICHAMA BWF-B, 1 CONDUTOR, 450/750 V, SECAO NOMINAL 2,5 MM2","m",397.5,2.44,2.7718399999999996,1101.81,2.44]
["2.78","Sinapi",39471,"DISPOSITIVO DPS CLASSE II, 1 POLO, TENSAO MAXIMA DE 275 V, CORRENTE MAXIMA DE *45* KA (TIPO AC)","un",2,103.37,117.42832,234.86,103.37]
["2.79","Sinapi",981,"CABO DE COBRE, FLEXIVEL, CLASSE 4 OU 5, ISOLACAO EM PVC/A, ANTICHAMA BWF-B, 1 CONDUTOR, 450/750 V, SECAO NOMINAL 4 MM2","m",77.58,4.05,4.6007999999999996,356.93,4.05]
["2.80","Sinapi",993,"CABO DE COBRE, FLEXIVEL, CLASSE 4 OU 5, ISOLACAO EM PVC/A, ANTICHAMA BWF-B, COBERTURA PVC-ST1, ANTICHAMA BWF-B, 1 CONDUTOR, 0,6/1 KV, SECAO NOMINAL 1,5 MM2","m",396.4,2.0499999999999998,2.3287999999999998,923.14,2.0499999999999998]
["2.81","Sinapi",38076,"TOMADAS (2 MODULOS) 2P+T 10A, 250V, CONJUNTO MONTADO PARA EMBUTIR 4\" X 2\" (PLACA + SUPORTE + MODULOS)","un",11,12.62,14.336319999999997,157.69999999999999,12.62]
["2.82","Sinapi",1871,"CAIXA OCTOGONAL DE FUNDO MOVEL, EM PVC, DE 3\" X 3\", PARA ELETRODUTO FLEXIVEL CORRUGADO","un",8,3.28,3.7260799999999996,29.81,3.28]
["2.83","Sinapi",2689,"ELETRODUTO PVC FLEXIVEL CORRUGADO, COR AMARELA, DE 20 MM","m",15.53,2.42,2.7491199999999996,42.69,2.42]
["2.84","Sinapi",2688,"ELETRODUTO PVC FLEXIVEL CORRUGADO, COR AMARELA, DE 25 MM","m",71.739999999999995,2.62,2.9763199999999999,213.52,2.62]
["2.85","Sinapi",20111,"FITA ISOLANTE ADESIVA ANTICHAMA, USO ATE 750 V, EM ROLO DE 19 MM X 20 M","un",6,12,13.631999999999998,81.790000000000006,12]
["2.86","Sinapi",1873,"CAIXA DE PASSAGEM, EM PVC, DE 4\" X 4\", PARA ELETRODUTO FLEXIVEL CORRUGADO","un",1,4.8499999999999996,5.5095999999999989,5.51,4.8499999999999996]
["2.87","Sinapi",38063,"INTERRUPTOR PARALELO 10A, 250V, CONJUNTO MONTADO PARA EMBUTIR 4\" X 2\" (PLACA + SUPORTE + MODULO)","un",4,9.49,10.78064,43.12,9.49]
["2.88","Sinapi",38078,"INTERRUPTOR PARALELO + TOMADA 2P+T 10A, 250V, CONJUNTO MONTADO PARA EMBUTIR 4\" X 2\" (PLACA + SUPORTE + MODULOS)","un",1,16.28,18.49408,18.489999999999998,16.28]
["2.89","Sinapi",38775,"LUMINARIA TIPO TARTARUGA PARA AREA EXTERNA EM ALUMINIO, COM GRADE, PARA 1 LAMPADA, BASE E27, POTENCIA MAXIMA 40/60 W (NAO INCLUI LAMPADA)","un",8,80.790000000000006,91.777439999999999,734.22,80.790000000000006]
["2.90","Sinapi",10569,"CAIXA DE PASSAGEM / DERIVACAO / LUZ, OCTOGONAL 4 X4, EM ACO ESMALTADA, COM FUNDO MOVEL SIMPLES (FMS)","un",6,3.07,3.4875199999999995,20.93,3.07]
["2.91","Sinapi",100954,"TRANSPORTE COM CAMINHÃO CARROCERIA COM GUINDAUTO (MUNCK),  MOMENTO MÁXIMO DE CARGA 11,7 TM, EM VIA INTERNA (DENTRO DO CANTEIRO - UNIDADE: TXKM). AF_07/2020","TXKM",600,9.32,10.58752,{"$f":"ROUND(F101*H101,2)","v":6352.51},9.32]
["2.92","Sinapi",100788,"KIT CAVALETE PARA GÁS - SEM MEDIDOR OU REGULADOR - ENTRADA INDIVIDUAL PRINCIPAL, EM AÇO GALVANIZADO DN 15 E 25 MM (1/2\" E 1\") - FORNECIMENTO E INSTALAÇÃO","und",1,747.31,848.9441599999999,{"$f":"ROUND(F102*H102,2)","v":848.94},747.31]
["2.93","CPU","CPU008","CHAPA XADREZ EM ALUMINIO PARA PISO e:3mm, INCLUSO REBITE PARA FIXAÇÃO - APENAS MATERIAL","m²",56.543999999999997,454.23119999999994,516.00664319999987,{"$f":"ROUND(F103*H103,2)","v":29177.08},{"$f":"CPU!I185","v":454.23119999999994}]
["2.94","CPU","CPU006","REVESTIMENTO DE PAREDES EM CHAPAS DE AÇO INOXIDÁVEL AISI 304  - APENAS MATERIAL","m²",160.29,361.23599999999999,410.36409599999996,{"$f":"ROUND(F104*H104,2)","v":65777.259999999995},{"$f":"CPU!I153","v":361.23599999999999}]

{"sheet":"CPU","index":2,"n_rows":274,"n_cols":17,"rows_kept":274,"cut":false,"hidden":false,"merged":[[272,0,272,7],[273,0,273,7],[264,0,264,7],[265,0,265,8],[269,0,269,7],[270,0,270,2],[270,4,270,7],[271,0,271,7],[243,0,243,7],[255,0,255,7],[256,0,256,6],[257,0,257,6],[258,0,258,8],[245,0,245,7],[246,0,246,6],[247,0,247,6],[248,0,248,8],[252,0,252,7],[253,0,253,7],[231,0,231,7],[214,0,214,6],[215,0,215,8],[242,0,242,7],[232,0,232,7],[233,0,233,7],[235,0,235,7],[236,0,236,6],[237,0,237,6],[238,0,238,8],[177,0,177,6],[178,0,178,8],[182,0,182,7],[183,0,183,7],[224,0,224,7],[225,0,225,8],[229,0,229,7],[230,0,230,2],[230,4,230,7],[194,0,194,7],[195,0,195,2],[195,4,195,7],[208,0,208,7],[209,0,209,7],[210,0,210,7],[213,0,213,6],[212,0,212,7],[196,0,196,7],[197,0,197,7],[199,0,199,7],[200,0,200,6],[201,0,201,6],[202,0,202,8],[206,0,206,7],[175,0,175,7],[176,0,176,6],[155,0,155,7],[156,0,156,6],[157,0,157,6],[158,0,158,8],[163,0,163,7],[164,0,164,8],[153,0,153,8],[168,0,168,7],[170,0,170,7],[150,0,150,7],[151,0,151,7],[152,0,152,7],[142,0,142,7],[143,0,143,6],[144,0,144,6],[145,0,145,8],[149,0,149,7],[174,0,174,8],[169,0,169,2],[169,4,169,7],[171,0,171,7],[172,0,172,7],[136,0,136,2],[136,4,136,7],[137,0,137,7],[138,0,138,7],[139,0,139,7],[140,0,140,8],[122,0,122,8],[127,0,127,7],[128,0,128,8],[131,0,131,7],[132,0,132,8],[135,0,135,7],[116,0,116,7],[117,0,117,7],[118,0,118,8],[119,0,119,7],[120,0,120,6],[121,0,121,6],[108,0,108,7],[109,0,109,8],[113,0,113,7],[114,0,114,2],[114,4,114,7],[115,0,115,7],[99,0,99,7],[100,0,100,8],[101,0,101,7],[102,0,102,6],[103,0,103,6],[104,0,104,8],[92,0,92,8],[95,0,95,7],[96,0,96,2],[96,4,96,7],[97,0,97,7],[98,0,98,7],[86,0,86,7],[87,0,87,7],[88,0,88,8],[89,0,89,7],[90,0,90,6],[91,0,91,6],[79,0,79,6],[80,0,80,8],[83,0,83,7],[84,0,84,2],[84,4,84,7],[85,0,85,7],[59,0,59,7],[60,0,60,6],[73,0,73,7],[74,0,74,7],[75,0,75,7],[76,0,76,8],[77,0,77,7],[78,0,78,6],[61,0,61,6],[62,0,62,8],[66,0,66,7],[67,0,67,8],[71,0,71,7],[72,0,72,2],[72,4,72,7],[56,0,56,7],[57,0,57,8],[48,0,48,8],[52,0,52,7],[53,0,53,2],[53,4,53,7],[54,0,54,7],[55,0,55,7],[58,0,58,8],[45,0,45,7],[46,0,46,6],[47,0,47,6],[34,0,34,6],[35,0,35,8],[39,0,39,7],[40,0,40,2],[40,4,40,7],[41,0,41,7],[0,0,0,8],[1,0,1,8],[2,0,2,8],[3,0,4,6],[3,7,3,8],[4,7,4,8],[5,0,5,8],[6,0,6,8],[7,0,7,7],[207,0,207,2],[207,4,207,7],[184,0,184,7],[185,0,185,8],[187,0,187,7],[188,0,188,6],[189,0,189,6],[190,0,190,8],[8,0,8,6],[28,0,28,7],[29,0,29,7],[30,0,30,7],[31,0,31,8],[32,0,32,7],[33,0,33,6],[10,0,10,8],[18,0,18,7],[19,0,19,8],[26,0,26,7],[27,0,27,2],[27,4,27,7],[42,0,42,7],[43,0,43,7],[44,0,44,8]]}
["MINISTÉRIO DA INTEGRAÇÃO E DO DESENVOLVIMENTO REGIONAL"]
["COMPANHIA DE DESENVOLVIMENTO DOS VALES DO SÃO FRANCISCO E DO PARNAÍBA"]
["SEDE"]
["PLANILHA ORÇAMENTÁRIA DE ESTIMATIVA GERAL PARA O ESTADO DO TOCANTINS",{"$nulls":6},"Base SINAPI-TO 03/2025       ORSE 02/2025"]
[{"$nulls":7},"Data: Maio/2025 - Não desonerado"]
["COMPOSIÇÕES DE PREÇO UNITÁRIO"]
[]
[" COMPOSIÇÃO DE PREÇO UNITÁRIO",{"$nulls":7},"CPU003"]
["DESCRIÇÃO DO SERVIÇO",{"$nulls":6},"DATA BASE: ","2024-07-01"]
["ADMINISTRAÇÃO LOCAL ",{"$nulls":6},"UNIDADE: ","mês"]
["MATERIAL"]
["BASE","CÓDIGO","DISCRIMINAÇÃO","UNI","QUANT.","PROD","P.UN.PROD","P.UN.IMPR","P.TOTAL"]
["MERCADO",null,"ALUGUEL","mês",1,null,null,800,{"$f":"E13*H13","v":800}]
["MERCADO",null,"TELEFONE E INTERNET","mês",1,null,null,99.9,99.9]
["MERCADO",null,"ENERGIA ELÉTRICA","kwh",200,null,null,0.53,106]
["MERCADO",null,"ÁGUA E ESGOTO","mês",1,null,null,100,100]
["MERCADO",null,"MATERIAL PARA ESCRITÓRIO","mês",1,null,null,150,150]
["MERCADO",null,"MATERIAL DE LIMPEZA","mês",1,null,null,50,50]
["SUB-TOTAL",{"$nulls":7},{"$f":"SUM(I13:I18)","v":1305.9000000000001}]
["MÃO DE OBRA"]
["BASE","CÓDIGO","DISCRIMINAÇÃO","UNI","QUANT.",null,null,"P.UNIT.","P.TOTAL"]
["MERCADO",null,"ENGENHEIRO DE OBRA ","mês",1,null,null,8483,{"$f":"E22*H22","v":8483}]
["MERCADO",null,"MESTRE DE OBRAS","mês",1,null,null,4515.12,{"$f":"E23*H23","v":4515.12}]
["MERCADO",null,"AUXILIAR DE ESCRITORIO COM ENCARGOS COMPLEMENTARES ","mês",1,null,null,1100,{"$f":"E24*H24","v":1100}]
["MERCADO",null,"TÉCNICO EM SEGURANÇA DO TRABALHO","h",44,null,null,27.26,{"$f":"E25*H25","v":1199.44}]
["MERCADO",null,"VIGIA","mês",1,null,null,1100,{"$f":"E26*H26","v":1100}]
["SUB-TOTAL",{"$nulls":7},{"$f":"SUM(I22:I26)","v":16397.559999999998}]
["PRODUÇÃO DA EQUIPE",null,null,1,"CUSTO ",null,null,null,{"$f":"I27+I19","v":17703.46}]
["TOTAL - R$",{"$nulls":7},{"$f":"I28/D28","v":17703.46}]
["BDI                %",{"$nulls":7},1]
["TOTAL DO SERVIÇO - R$",{"$nulls":7},{"$f":"I29*I30","v":17703.46}]
[]
[" COMPOSIÇÃO DE PREÇO UNITÁRIO",{"$nulls":7},"CPU001"]
["DESCRIÇÃO DO SERVIÇO",{"$nulls":6},"DATA BASE: ","2025-03-01"]
["EXECUÇÃO DE INSTALAÇÕES HIDROSSANITÁRIAS, EXCLUSIVE EQUIPAMENTOS",{"$nulls":6},"UNIDADE: ","cj"]
["MÃO DE OBRA"]
["BASE","CÓDIGO","DISCRIMINAÇÃO","UNI","QUANT.",null,null,"P.UNIT.","P.TOTAL"]
["SINAPI",88316,"SERVENTE DE OBRAS ","h",80,null,null,21.62,{"$f":"E38*H38","v":1729.6000000000001}]
["SINAPI",88309,"PEDREIRO","h",40,null,null,27.54,{"$f":"E39*H39","v":1101.5999999999999}]
["SUB-TOTAL",{"$nulls":7},{"$f":"SUM(I38:I39)","v":2831.2}]
["PRODUÇÃO DA EQUIPE",null,null,1,"CUSTO ",null,null,null,{"$f":"SUM(I40)","v":2831.2}]
["TOTAL - R$",{"$nulls":7},{"$f":"I41/D41","v":2831.2}]
["BDI                %",{"$nulls":7},1]
["TOTAL DO SERVIÇO - R$",{"$nulls":7},{"$f":"I42*I43","v":2831.2}]
[]
[" COMPOSIÇÃO DE PREÇO UNITÁRIO",{"$nulls":7},"CPU002"]
["DESCRIÇÃO DO SERVIÇO",{"$nulls":6},"DATA BASE: ","2025-03-01"]
["EXECUÇÃO DE INSTALAÇÕES ELÉTRICAS, EXCLUSIVE EQUIPAMENTOS",{"$nulls":6},"UNIDADE: ","cj"]
["MÃO DE OBRA"]
["BASE","CÓDIGO","DISCRIMINAÇÃO","UNI","QUANT.",null,null,"P.UNIT.","P.TOTAL"]
["SINAPI",88247,"AUXILIAR DE ELETRICISTA","h",80,null,null,25.54,{"$f":"E51*H51","v":2043.1999999999998}]
["SINAPI",88264,"ELETRICISTA","h",40,null,null,30.69,{"$f":"E52*H52","v":1227.6000000000001}]
["SUB-TOTAL",{"$nulls":7},{"$f":"SUM(I51:I52)","v":3270.8}]
["PRODUÇÃO DA EQUIPE",null,null,1,"CUSTO ",null,null,null,{"$f":"SUM(I53)","v":3270.8}]
["TOTAL - R$",{"$nulls":7},{"$f":"I54/D54","v":3270.8}]
["BDI                %",{"$nulls":7},1]
["TOTAL DO SERVIÇO - R$",{"$nulls":7},{"$f":"I55*I56","v":3270.8}]
[]
[]
[" COMPOSIÇÃO DE PREÇO UNITÁRIO",{"$nulls":7},"CPU003"]
["DESCRIÇÃO DO SERVIÇO",{"$nulls":6},"DATA BASE: ","2025-03-01"]
["CORTE DE CONTAINER PARA ESQUADRIAS",{"$nulls":6},"UNIDADE: ","m²"]
["MATERIAL"]
["BASE","CÓDIGO","DISCRIMINAÇÃO","UNI","QUANT.",null,null,"P.UNIT.","P.TOTAL"]
["SINAPI",11359,"ESMERILHADEIRA ANGULAR ELETRICA, DIAMETRO DO DISCO 7 '' (180 MM), ROTACAO 8500RPM, POTENCIA 2400 W","un",7.0999999999999994E-2,null,null,882.75,{"$f":"E65*H65","v":62.675249999999991}]
["SINAPI",44531,"DISCO DE CORTE DIAMANTADO SEGMENTADO DIAMETRO DE 180 MM PARA ESMERILHADEIRA 7 \"","un",1,null,null,82.88,{"$f":"E66*H66","v":82.88}]
["SUB-TOTAL",{"$nulls":7},{"$f":"SUM(I65:I66)","v":145.55525}]
["MÃO DE OBRA"]
["BASE","CÓDIGO","DISCRIMINAÇÃO","UNI","QUANT.",null,null,"P.UNIT.","P.TOTAL"]
["SINAPI",88317,"SOLDADOR COM ENCARGOS COMPLEMENTARES ","h",0.5,null,null,31.01,{"$f":"E70*H70","v":15.505000000000001}]
["SINAPI",88315,"SERRALHEIRO COM ENCARGOS COMPLEMENTARES ","h",0.5,null,null,27.35,{"$f":"E71*H71","v":13.675000000000001}]
["SUB-TOTAL",{"$nulls":7},{"$f":"SUM(I70:I71)","v":29.18}]
["PRODUÇÃO DA EQUIPE",null,null,1,"CUSTO ",null,null,null,{"$f":"I72+I67","v":174.73525000000001}]
["TOTAL - R$",{"$nulls":7},{"$f":"I73/D73","v":174.73525000000001}]
["BDI                %",{"$nulls":7},1]
["TOTAL DO SERVIÇO - R$",{"$nulls":7},{"$f":"I74*I75","v":174.73525000000001}]
[]
[" COMPOSIÇÃO DE PREÇO UNITÁRIO",{"$nulls":7},"CPU010"]
["DESCRIÇÃO DO SERVIÇO",{"$nulls":6},"DATA BASE: ","2024-07-01"]
["FORNECIMENTO E MONTAGEM DE ESTRUTURA PARA COBERTURA COM ÁREA TOTAL DE 86,27 M² INCLUINDO CALHA E TELHA SANDUÍCHE",{"$nulls":6},"UNIDADE: ","cj"]
["MÃO DE OBRA"]
["BASE","CÓDIGO","DISCRIMINAÇÃO","UNI","QUANT.",null,null,"P.UNIT.","P.TOTAL"]
["COTAÇÃO",null,"FABRICAÇÃO E MONTAGEM DE ESTRUTURA METÁLICA PARA COBERTURA DE UNIDADE COM ÁREA TOTAL DE 86,26 M²","cj",1,null,null,24877.99,{"$f":"E83*H83","v":24877.99}]
["SUB-TOTAL",{"$nulls":7},{"$f":"SUM(I83:I83)","v":24877.99}]
["PRODUÇÃO DA EQUIPE",null,null,1,"CUSTO ",null,null,null,{"$f":"SUM(I84)","v":24877.99}]
["TOTAL - R$",{"$nulls":7},{"$f":"I85/D85","v":24877.99}]
["BDI                %",{"$nulls":7},1]
["TOTAL DO SERVIÇO - R$",{"$nulls":7},{"$f":"I86*I87","v":24877.99}]
[]
[" COMPOSIÇÃO DE PREÇO UNITÁRIO",{"$nulls":7},"CPU011"]
["DESCRIÇÃO DO SERVIÇO",{"$nulls":6},"DATA BASE: ","2024-07-01"]
["FORNECIMENTO E MONTAGEM DE ESTRUTURA PARA COBERTURA COM ÁREA TOTAL DE 137,9 M² INCLUINDO CALHA E TELHA SANDUÍCHE",{"$nulls":6},"UNIDADE: ","cj"]
["MÃO DE OBRA"]
["BASE","CÓDIGO","DISCRIMINAÇÃO","UNI","QUANT.",null,null,"P.UNIT.","P.TOTAL"]
["COTAÇÃO",null,"FABRICAÇÃO E MONTAGEM DE ESTRUTURA METÁLICA PARA COBERTURA DE UNIDADE COM ÁREA TOTAL DE 137,9 M²","cj",1,null,null,39043.9,{"$f":"E95*H95","v":39043.9}]
["SUB-TOTAL",{"$nulls":7},{"$f":"SUM(I95:I95)","v":39043.9}]
["PRODUÇÃO DA EQUIPE",null,null,1,"CUSTO ",null,null,null,{"$f":"SUM(I96)","v":39043.9}]
["TOTAL - R$",{"$nulls":7},{"$f":"I97/D97","v":39043.9}]
["BDI                %",{"$nulls":7},1]
["TOTAL DO SERVIÇO - R$",{"$nulls":7},{"$f":"I98*I99","v":39043.9}]
[]
[" COMPOSIÇÃO DE PREÇO UNITÁRIO",{"$nulls":7},"CPU004"]
["DESCRIÇÃO DO SERVIÇO",{"$nulls":6},"DATA BASE: ","2025-03-01"]
["MODIFICAÇÕES NO CONTAINER COM CORTE POR ESMERILHADEIRA ",{"$nulls":6},"UNIDADE: ","m"]
["MATERIAL"]
["BASE","CÓDIGO","DISCRIMINAÇÃO","UNI","QUANT.",null,null,"P.UNIT.","P.TOTAL"]
["SINAPI",11359,"ESMERILHADEIRA ANGULAR ELETRICA, DIAMETRO DO DISCO 7 '' (180 MM), ROTACAO 8500RPM, POTENCIA 2400 W","un",0.04,null,null,882.75,{"$f":"E107*H107","v":35.31}]
["SINAPI",44531,"DISCO DE CORTE DIAMANTADO SEGMENTADO DIAMETRO DE 180 MM PARA ESMERILHADEIRA 7 \"","un",0.5,null,null,82.88,{"$f":"E108*H108","v":41.44}]
["SUB-TOTAL",{"$nulls":7},{"$f":"SUM(I107:I108)","v":76.75}]
["MÃO DE OBRA"]
["BASE","CÓDIGO","DISCRIMINAÇÃO","UNI","QUANT.",null,null,"P.UNIT.","P.TOTAL"]
["SINAPI",88317,"SOLDADOR COM ENCARGOS COMPLEMENTARES ","h",0.25,null,null,31.01,{"$f":"E112*H112","v":7.7525000000000004}]
["SINAPI",88315,"SERRALHEIRO COM ENCARGOS COMPLEMENTARES ","h",0.25,null,null,27.35,{"$f":"E113*H113","v":6.8375000000000004}]
["SUB-TOTAL",{"$nulls":7},{"$f":"SUM(I112:I113)","v":14.59}]
["PRODUÇÃO DA EQUIPE",null,null,1,"CUSTO ",null,null,null,{"$f":"I114+I109","v":91.34}]
["TOTAL - R$",{"$nulls":7},{"$f":"I115/D115","v":91.34}]
["BDI                %",{"$nulls":7},1]
["TOTAL DO SERVIÇO - R$",{"$nulls":7},{"$f":"I116*I117","v":91.34}]
[]
[" COMPOSIÇÃO DE PREÇO UNITÁRIO",{"$nulls":7},"CPU005"]
["DESCRIÇÃO DO SERVIÇO",{"$nulls":6},"DATA BASE: ","2025-03-01"]
["MODIFICAÇÕES NO CONTAINER UNIÃO ATRAVÉS DO PROCESSO DE SOLDAGEM, INCLUSO IÇAMENTO DO CONTAINER",{"$nulls":6},"UNIDADE: ","m"]
["EQUIPAMENTO"]
["BASE","CÓDIGO","DISCRIMINAÇÃO","UNI","QUANT.",null,null,"P.UNIT.","P.TOTAL"]
["SINAPI",92716,"APARELHO PARA CORTE E SOLDA OXI-ACETILENO SOBRE RODAS, INCLUSIVE CILINDROS E MAÇARICOS ","chp",0.18459999999999999,null,null,109.39,{"$f":"E125*H125","v":20.193393999999998}]
["SINAPI",92715,"APARELHO PARA CORTE E SOLDA OXI-ACETILENO SOBRE RODAS, INCLUSIVE CILINDROS E MAÇARICOS - MATERIAIS NA OPERAÇÃO. ","h",1.56,null,null,109,{"$f":"E126*H126","v":170.04}]
["SINAPI",5928,"GUINDAUTO HIDRÁULICO, CAPACIDADE MÁXIMA DE CARGA 6200 KG, MOMENTO MÁXIMO DE CARGA 11,7 TM, ALCANCE MÁXIMO HORIZONTAL 9,70 M, INCLUSIVE CAMINHÃO TOCO PBT 16.000 KG, POTÊNCIA DE 189 CV","chp",0.23880000000000001,null,null,301.94,{"$f":"E127*H127","v":72.103272000000004}]
["SUB-TOTAL",{"$nulls":7},{"$f":"SUM(I125:I127)","v":262.33666599999998}]
["SERVIÇOS - COMPOSIÇÕES AUXILIARES"]
["BASE","CÓDIGO","DISCRIMINAÇÃO","UNI","QUANT.",null,null,"P.UNIT.","P.TOTAL"]
["SINAPI",98746,"SOLDA DE TOPO EM CHAPA/PERFIL/TUBO DE AÇO CHANFRADO, ESPESSURA=1/4''. ","m",1,null,null,65.36,{"$f":"E131*H131","v":65.36}]
["SUB-TOTAL",{"$nulls":7},{"$f":"SUM(I131:I131)","v":65.36}]
["MÃO DE OBRA"]
["BASE","CÓDIGO","DISCRIMINAÇÃO","UNI","QUANT.",null,null,"P.UNIT.","P.TOTAL"]
["SINAPI",88317,"SOLDADOR COM ENCARGOS COMPLEMENTARES ","h",1.56,null,null,31.01,{"$f":"E135*H135","v":48.375600000000006}]
["SUB-TOTAL",{"$nulls":7},{"$f":"SUM(I135:I135)","v":48.375600000000006}]
["PRODUÇÃO DA EQUIPE",null,null,1,"CUSTO ",null,null,null,{"$f":"I136+I132+I128","v":376.07226600000001}]
["TOTAL - R$",{"$nulls":7},{"$f":"I137/D137","v":376.07226600000001}]
["BDI                %",{"$nulls":7},1]
["TOTAL DO SERVIÇO - R$",{"$nulls":7},{"$f":"I138*I139","v":376.07226600000001}]
[]
[]
[" COMPOSIÇÃO DE PREÇO UNITÁRIO",{"$nulls":7},"CPU006"]
["DESCRIÇÃO DO SERVIÇO",{"$nulls":6},"DATA BASE: ","2025-03-01"]
["REVESTIMENTO DE PAREDES EM CHAPAS DE AÇO INOXIDÁVEL AISI 304",{"$nulls":6},"UNIDADE: ","m²"]
["MATERIAL"]
["BASE","CÓDIGO","DISCRIMINAÇÃO","UNI","QUANT.",null,null,"P.UNIT.","P.TOTAL"]
["COTAÇÃO",null,"CHAPAS DE AÇO INOXIDÁVEL AISI 304","KG",9.6,null,null,34,{"$f":"E148*H148","v":326.39999999999998}]
["SINAPI",131,"ADESIVO ESTRUTURAL A BASE DE RESINA EPOXI, BICOMPONENTE, PASTOSO (TIXOTROPICO)","KG",0.6,null,null,58.06,{"$f":"E149*H149","v":34.835999999999999}]
["SUB-TOTAL",{"$nulls":7},{"$f":"SUM(I148:I149)","v":361.23599999999999}]
["TOTAL - R$",{"$nulls":7},{"$f":"I150","v":361.23599999999999}]
["BDI                %",{"$nulls":7},1]
["TOTAL DO SERVIÇO - R$",{"$nulls":7},{"$f":"I151*I152","v":361.23599999999999}]
[]
[]
[" COMPOSIÇÃO DE PREÇO UNITÁRIO",{"$nulls":7},"CPU007"]
["DESCRIÇÃO DO SERVIÇO",{"$nulls":6},"DATA BASE: ","2025-03-01"]
["REVESTIMENTO CERÂMICO PARA PISO COM PLACAS TIPO ESMALTADA DE DIMENSÕES 45x45cm COM ARGAMASSA AC III",{"$nulls":6},"UNIDADE: ","m²"]
["MATERIAL"]
["BASE","CÓDIGO","DISCRIMINAÇÃO","UNI","QUANT.",null,null,"P.UNIT.","P.TOTAL"]
["Sinapi",37596,"ARGAMASSA COLANTE TIPO AC III E","KG",9.1325000000000003,null,null,2.82,{"$f":"E161*H161","v":25.75365}]
["Sinapi",1287,"PISO EM CERAMICA ESMALTADA EXTRA, COR LISA, PEI MAIOR OU IGUAL A 4, FORMATO MENOR OU IGUAL A 5 CM2","m²",1.1135999999999999,null,null,36.31,{"$f":"E162*H162","v":40.434815999999998}]
["Sinapi",34357,"REJUNTE CIMENTÍCIO, QUALQUER COR","KG",0.188,null,null,4.6900000000000004,{"$f":"E163*H163","v":0.88172000000000006}]
["SUB-TOTAL",{"$nulls":7},{"$f":"SUM(I161:I163)","v":67.070186000000007}]
["MÃO DE OBRA"]
["BASE","CÓDIGO","DISCRIMINAÇÃO","UNI","QUANT.",null,null,"P.UNIT.","P.TOTAL"]
["SINAPI",88317,"AZULEJISTA OU LADRILHISTA COM ENCARGOS COMPLEMENTARES","h",0.80640000000000001,null,null,31.01,{"$f":"E167*H167","v":25.006464000000001}]
["SINAPI",88316,"SERVENTE COM ENCARGOS COMPLEMENTARES","h",0.20680000000000001,null,null,21.62,{"$f":"E168*H168","v":4.4710160000000005}]
["SUB-TOTAL",{"$nulls":7},{"$f":"SUM(I167:I168)","v":29.47748}]
["PRODUÇÃO DA EQUIPE",null,null,1,"CUSTO ",null,null,null,{"$f":"I169+I164","v":96.547666000000007}]
["TOTAL - R$",{"$nulls":7},{"$f":"I170/D170","v":96.547666000000007}]
["BDI                %",{"$nulls":7},1]
["TOTAL DO SERVIÇO - R$",{"$nulls":7},{"$f":"I171*I172","v":96.547666000000007}]
[]
[]
[" COMPOSIÇÃO DE PREÇO UNITÁRIO",{"$nulls":7},"CPU008"]
["DESCRIÇÃO DO SERVIÇO",{"$nulls":6},"DATA BASE: ","2025-03-01"]
["CHAPA XADREZ EM ALUMINIO PARA PISO e:3mm, INCLUSO REBITE PARA FIXAÇÃO   - MATERIAL",{"$nulls":6},"UNIDADE: ","m"]
["MATERIAL"]
["BASE","CÓDIGO","DISCRIMINAÇÃO","UNI","QUANT.",null,null,"P.UNIT.","P.TOTAL"]
["SINAPI",1337,"CHAPA DE ACO XADREZ PARA PISOS, E = 1/4\" (6,30 MM) 54,53 KG/M2","kg",38,null,null,9.8699999999999992,{"$f":"E181*H181","v":375.05999999999995}]
["SINAPI",10997,"ELETRODO REVESTIDO AWS - E7018, DIAMETRO IGUAL A 4,00 MM","Kg",2.88,null,null,27.49,{"$f":"E182*H182","v":79.171199999999999}]
["SUB-TOTAL",{"$nulls":7},{"$f":"SUM(I181:I182)","v":454.23119999999994}]
["BDI                %",{"$nulls":7},1]
["TOTAL DO SERVIÇO - R$",{"$nulls":7},{"$f":"I183","v":454.23119999999994}]
[]
[]
["COMPOSIÇÃO DE PREÇO UNITÁRIO",{"$nulls":7},"CPU009"]
["DESCRIÇÃO DO SERVIÇO",{"$nulls":6},"DATA BASE: ","2025-03-01"]
["CHAPA XADREZ EM ALUMINIO PARA PISO e:3mm, INCLUSO REBITE PARA FIXAÇÃO   -  MÃO DE OBRA",{"$nulls":6},"UNIDADE: ","m"]
["MÃO DE OBRA"]
["BASE","CÓDIGO","DISCRIMINAÇÃO","UNI","QUANT.",null,null,"P.UNIT.","P.TOTAL"]
["SINAPI",88315,"SERRALHEIRO COM ENCARGOS","H",8.99,null,null,27.35,{"$f":"E193*H193","v":245.87650000000002}]
["SINAPI",88316,"SERVENTE COM ENCARGOS COMPLEMENTARES","H",6.42,null,null,21.62,{"$f":"E194*H194","v":138.8004}]
["SUB-TOTAL",{"$nulls":7},{"$f":"SUM(I193:I194)","v":384.67690000000005}]
["PRODUÇÃO DA EQUIPE",null,null,1,"CUSTO ",null,null,null,{"$f":"I195","v":384.67690000000005}]
["TOTAL - R$",{"$nulls":7},{"$f":"I196/D196","v":384.67690000000005}]
["TOTAL DO SERVIÇO - R$",{"$nulls":7},{"$f":"I196","v":384.67690000000005}]
[]
["COMPOSIÇÃO DE PREÇO UNITÁRIO",{"$nulls":7},"CPU0010"]
["DESCRIÇÃO DO SERVIÇO",{"$nulls":6},"DATA BASE: ","2025-03-01"]
["REVESTIMENTO DE PAREDES EM CHAPAS DE AÇO INOXIDÁVEL AISI 304 - CONSIDERANDO CHAPA DE 1,2mm",{"$nulls":6},"UNIDADE: ","M²"]
["APENAS MÃO DE OBRA"]
["BASE","CÓDIGO","DISCRIMINAÇÃO","UNI","QUANT.",null,null,"P.UNIT.","P.TOTAL"]
["SINAPI",88317,"SOLDADOR COM ENCARGOS COMPLEMENTARES ","h",0.8,null,null,31.01,{"$f":"E205*H205","v":24.808000000000003}]
["SINAPI",88315,"SERRALHEIRO COM ENCARGOS COMPLEMENTARES ","h",0.8,null,null,27.35,{"$f":"E206*H206","v":21.880000000000003},{"$nulls":7},"="]
["SUB-TOTAL",{"$nulls":7},{"$f":"SUM(I205:I206)","v":46.688000000000002}]
["PRODUÇÃO DA EQUIPE",null,null,1,"CUSTO ",null,null,null,{"$f":"I207","v":46.688000000000002}]
["TOTAL - R$",{"$nulls":7},{"$f":"I208/D208","v":46.688000000000002}]
["BDI                %",{"$nulls":7},1]
["TOTAL DO SERVIÇO - R$",{"$nulls":7},{"$f":"I209*I210","v":46.688000000000002}]
[]
[" COMPOSIÇÃO DE PREÇO UNITÁRIO",{"$nulls":7},"CPU011"]
["DESCRIÇÃO DO SERVIÇO",{"$nulls":6},"DATA BASE: ","2025-03-01"]
["GUARDA-CORPO DE AÇO CARBONO, MONTANTES TUBULARES DE 1.1/2\" ESPAÇADOS EM 0,75M, ALTURA APROXIMADA DE 0,90M, PREPARADO COM FUNDO E TINTA EPÓXI NA COR AMARELA",{"$nulls":6},"UNIDADE: ","m"]
["MATERIAL"]
["BASE","CÓDIGO","DISCRIMINAÇÃO","UNI","QUANT.",null,null,"P.UNIT.","P.TOTAL"]
["SINAPI",1332,"CHAPA DE ACO GROSSA, ASTM A36, E = 3/8 \" (9,53 MM) 74,69 KG/M2","KG","0,8960000",null,null,8.7799999999999994,{"$f":"E218*H218","v":7.8668799999999992}]
["SINAPI",11002,"ELETRODO REVESTIDO AWS - E6013, DIAMETRO IGUAL A 2,50 MM","KG","0,0650000",null,null,26.4,1.716]
["SINAPI",11964,"PARAFUSO DE ACO TIPO CHUMBADOR PARABOLT, DIAMETRO 3/8\", COMPRIMENTO 75 MM","UN","3,3330000",null,null,2.5,8.3324999999999996]
["SINAPI",21001,"TUBO ACO CARBONO COM COSTURA, NBR 5580, CLASSE L, DN = 25 MM, E = 2,65 MM, 2,02 KG/M","M",1.0417000000000001,null,null,17.39,18.115163000000003]
["SINAPI",21003,"TUBO ACO CARBONO COM COSTURA, NBR 5580, CLASSE L, DN = 40 MM, E = 3,0 MM, 3,34 KG/M","M",3.0250000000000004,null,null,28.57,86.424250000000015]
["SINAPI",100719,"PINTURA COM TINTA ALQUÍDICA DE FUNDO (TIPO ZARCÃO) PULVERIZADA SOBRE PERFIL METÁLICO EXECUTADO EM FÁBRICA (POR DEMÃO). AF_01/2020_PE","M2",1.1000000000000001,null,null,10.4,11.440000000000001]
["SINAPI",100729,"PINTURA COM TINTA EPOXÍDICA DE ACABAMENTO PULVERIZADA SOBRE PERFIL METÁLICO EXECUTADO EM FÁBRICA (POR DEMÃO). AF_01/2020_PE","M2",1.1000000000000001,null,null,18.850000000000001,20.735000000000003]
["SUB-TOTAL",{"$nulls":7},{"$f":"SUM(I218:I224)","v":154.62979300000003}]
["MÃO DE OBRA"]
["BASE","CÓDIGO","DISCRIMINAÇÃO","UNI","QUANT.",null,null,"P.UNIT.","P.TOTAL"]
["SINAPI",88251,"AUXILIAR DE SERRALHEIRO COM ENCARGOS COMPLEMENTARES","H",8,null,null,25.04,{"$f":"H228*E228","v":200.32}]
["SINAPI",88315,"SERRALHEIRO COM ENCARGOS COMPLEMENTARES","H",5.333333333333333,null,null,27.35,{"$f":"H229*E229","v":145.86666666666667}]
["SUB-TOTAL",{"$nulls":7},{"$f":"SUM(I228:I229)","v":346.18666666666667}]
["PRODUÇÃO DA EQUIPE",null,null,1,"CUSTO ",null,null,null,{"$f":"I230+I225","v":500.81645966666667}]
["TOTAL - R$",{"$nulls":7},{"$f":"I231/D231","v":500.81645966666667}]
["BDI                %",{"$nulls":7},1]
["TOTAL DO SERVIÇO - R$",{"$nulls":7},{"$f":"I232*I233","v":500.81645966666667}]
[]
[" COMPOSIÇÃO DE PREÇO UNITÁRIO",{"$nulls":7},"CPU012"]
["DESCRIÇÃO DO SERVIÇO",{"$nulls":6},"DATA BASE: ","2025-03-01"]
["FORNECIMENTO DE CONTAINER DRY BOX 20 PÉS 6,1X2,21X2,6 (COMPXLARGXALTU)",{"$nulls":6},"UNIDADE: ","un"]
["MATERIAL"]
["BASE","CÓDIGO","DISCRIMINAÇÃO","UNI","QUANT.",null,null,"P.UNIT.","P.TOTAL"]
["COTAÇÃO","-","CONTAINER DRY BOX 20 PÉS 6,1X2,21X2,6 (COMPXLARGXALTU)","un",1,null,null,19603.75,{"$f":"E241*H241","v":19603.75}]
["COTAÇÃO","-","FRETE DE CONTAINER TIPO CIF","un",1,null,null,null,{"$f":"E242*H242","v":0}]
["SUB-TOTAL",{"$nulls":7},{"$f":"SUM(I241:I242)","v":19603.75}]
["TOTAL DO SERVIÇO - R$",{"$nulls":7},{"$f":"I243","v":19603.75}]
[]
[" COMPOSIÇÃO DE PREÇO UNITÁRIO",{"$nulls":7},"CPU012"]
["DESCRIÇÃO DO SERVIÇO",{"$nulls":6},"DATA BASE: ","2025-03-01"]
["FORNECIMENTO DE CONTAINER HIGH CUBE 40 PÉS 12,2X2,3X2,9 (COMPXLARGXALTU)",{"$nulls":6},"UNIDADE: ","un"]
["MATERIAL"]
["BASE","CÓDIGO","DISCRIMINAÇÃO","UNI","QUANT.",null,null,"P.UNIT.","P.TOTAL"]
["COTAÇÃO","-","CONTAINER HIGH CUBE 40 PÉS 12,2X2,3X2,9 (COMPXLARGXALTU)","un",1,null,null,19750,{"$f":"E251*H251","v":19750}]
[{"$nulls":8},{"$f":"E252*H252","v":0}]
["SUB-TOTAL",{"$nulls":7},{"$f":"SUM(I251:I252)","v":19750}]
["TOTAL DO SERVIÇO - R$",{"$nulls":7},{"$f":"I253","v":19750}]
[]
[" COMPOSIÇÃO DE PREÇO UNITÁRIO",{"$nulls":7},"CPU013"]
["DESCRIÇÃO DO SERVIÇO",{"$nulls":6},"DATA BASE: ","2025-03-01"]
["FORNECIMENTO E INSTALAÇÃO DE SUPORTE PARA CAIXA D'ÁGUA EM METALON",{"$nulls":6},"UNIDADE: ","un"]
["MATERIAL"]
["BASE","CÓDIGO","DISCRIMINAÇÃO","UNI","QUANT.",null,null,"P.UNIT.","P.TOTAL"]
["ORSE","08851/ORSE","Tubo industrial, em aço, quadrado, dim 50 x 50 mm, e=2,00mm, 4,476 kg/m","m",{"$f":"5.4*1.1","v":5.9400000000000013},null,null,39.31,{"$f":"E261*H261","v":233.50140000000007}]
["ORSE","08851/ORSE","Chapa aço fina preta lisa nº14, e=2,00mm (16,0 kg/m2)","m2",{"$f":"2.427*1.075*1.1","v":2.8699275000000002},null,null,142.56,{"$f":"E262*H262","v":409.13686440000004}]
["SINAPI",100719,"PINTURA COM TINTA ALQUÍDICA DE FUNDO (TIPO ZARCÃO) PULVERIZADA SOBRE PERFIL METÁLICO EXECUTADO EM FÁBRICA (POR DEMÃO). AF_01/2020_PE","m2",{"$f":"SUM(E264,E261)*2","v":22.558800000000005},null,null,10.4,{"$f":"E263*H263","v":234.61152000000007}]
["ORSE","13120/ORSE","Perfil Aço, UDC Enrijecido 75 x 40 x 3,43(kg/m) - SAE 1008/1012","kg",{"$f":"2.427*2*1.1","v":5.3394000000000004},null,null,15.4,{"$f":"E264*H264","v":82.226760000000013}]
["SUB-TOTAL",{"$nulls":7},{"$f":"SUM(I261:I264)","v":959.47654440000019}]
["MÃO DE OBRA"]
["BASE","CÓDIGO","DISCRIMINAÇÃO","UNI","QUANT.",null,null,"P.UNIT.","P.TOTAL"]
["SINAPI",88251,"AUXILIAR DE SERRALHEIRO COM ENCARGOS COMPLEMENTARES","H",{"$f":"20*2","v":40},null,null,25.04,{"$f":"H268*E268","v":1001.5999999999999}]
["SINAPI","88315","SERRALHEIRO COM ENCARGOS COMPLEMENTARES","H",{"$f":"20*2","v":40},null,null,27.35,{"$f":"H269*E269","v":1094}]
["SUB-TOTAL",{"$nulls":7},{"$f":"SUM(I268:I269)","v":2095.6}]
["PRODUÇÃO DA EQUIPE",null,null,1,"CUSTO ",null,null,null,{"$f":"I270+I265","v":3055.0765443999999}]
["TOTAL - R$",{"$nulls":7},{"$f":"I271/D271","v":3055.0765443999999}]
["BDI                %",{"$nulls":7},1]
["TOTAL DO SERVIÇO - R$",{"$nulls":7},{"$f":"I272*I273","v":3055.0765443999999}]